<?xml version="1.0" encoding="UTF-8"?>
<record
    xmlns:xsi="http://www.w3.org/2001/XMLSchema-instance"
    xsi:schemaLocation="http://www.loc.gov/MARC21/slim http://www.loc.gov/standards/marcxml/schema/MARC21slim.xsd"
    xmlns="http://www.loc.gov/MARC21/slim">

  <leader>01458nas a2200265 454500</leader>
  <controlfield tag="001">13565</controlfield>
  <controlfield tag="005">20260407193505.0</controlfield>
  <controlfield tag="008">260407s1983####ag###########|||spa#d</controlfield>
  <controlfield tag="003">AR-UNSa-BCEJYS</controlfield>
  <datafield tag="040" ind1=" " ind2=" ">
    <subfield code="a">AR-UNSa-BCEJYS</subfield>
    <subfield code="b">spa</subfield>
    <subfield code="c">AR-UNSa-BCEJYS</subfield>
  </datafield>
  <datafield tag="080" ind1=" " ind2=" ">
    <subfield code="a">330</subfield>
    <subfield code="x">Econom&#xED;a en general</subfield>
  </datafield>
  <datafield tag="245" ind1="1" ind2="0">
    <subfield code="a">Novedades econ&#xF3;micas</subfield>
  </datafield>
  <datafield tag="022" ind1=" " ind2=" ">
    <subfield code="a">0325-8114</subfield>
  </datafield>
  <datafield tag="264" ind1=" " ind2="1">
    <subfield code="a">Buenos Aires :</subfield>
    <subfield code="b">IEERAL</subfield>
    <subfield code="c">1983</subfield>
  </datafield>
  <datafield tag="310" ind1=" " ind2=" ">
    <subfield code="a">Frecuencia: Mensual
Cambia de Director a partir del N&#xBA; 26, por Edmundo del V. Soria
Cambia de Director a partir del N&#xBA; 45, por Carlos E. Sanchez
Cambia de Director a partir del N&#xBA; 65, por Rafael Conejero
Cambia de Director a partir del N&#xBA; 76, por Ricardo Tappat&#xE1;
Cambia de Director a partir del N&#xBA; 100, por Juan C. Kusznir
Cambia de Director a partir del N&#xBA; 126, por Santiago Montoya
Cambia de Director a partir del N&#xBA; 153, por Horacio Palmieri, Juan Carlos Kusznir, Juan Novara
Se incorpora como Director a partir del N&#xBA; 167, Guillermo Mondino
 



</subfield>
  </datafield>
  <datafield tag="942" ind1=" " ind2=" ">
    <subfield code="c">SER</subfield>
  </datafield>
  <datafield tag="590" ind1=" " ind2=" ">
    <subfield code="a">niveau_biblio:s niveau_hierar:1</subfield>
  </datafield>
  <datafield tag="100" ind1="1" ind2=" ">
    <subfield code="a">Cavallo, Domingo Felipe</subfield>
  </datafield>
  <datafield tag="700" ind1="1" ind2=" ">
    <subfield code="a">Instituto de Estudios Econ&#xF3;micos sobre la realidad Argentina y Latinoamericana (IEERAL)</subfield>
  </datafield>
  <datafield tag="650" ind1=" " ind2=" ">
    <subfield code="a">Desarrollo econ&#xF3;mico y social</subfield>
  </datafield>
  <datafield tag="650" ind1=" " ind2=" ">
    <subfield code="a">An&#xE1;lisis econ&#xF3;mico</subfield>
  </datafield>
  <datafield tag="650" ind1=" " ind2=" ">
    <subfield code="a">Desarrollo regional</subfield>
  </datafield>
  <datafield tag="650" ind1=" " ind2=" ">
    <subfield code="a">Econom&#xED;a regional</subfield>
  </datafield>
  <datafield tag="856" ind1="4" ind2="1">
    <subfield code="u">https://biblioeco.unsa.edu.ar/pmb/images/revistas/Novedades Economicas.jpg</subfield>
    <subfield code="y">Imagen de portada</subfield>
    <subfield code="q">image/jpeg</subfield>
  </datafield>
  <datafield tag="999" ind1=" " ind2=" ">
    <subfield code="c">8464</subfield>
    <subfield code="d">8464</subfield>
  </datafield>
  <datafield tag="952" ind1=" " ind2=" ">
    <subfield code="0">0</subfield>
    <subfield code="1">0</subfield>
    <subfield code="4">0</subfield>
    <subfield code="7">0</subfield>
    <subfield code="a">BCEJYS</subfield>
    <subfield code="b">BCEJYS</subfield>
    <subfield code="c">13</subfield>
    <subfield code="d">2000-08-01</subfield>
    <subfield code="h">ago./dic. 2000</subfield>
    <subfield code="l">0</subfield>
    <subfield code="o">H330 NOV 2000</subfield>
    <subfield code="p">R21170</subfield>
    <subfield code="r">2026-04-10 16:07:23</subfield>
    <subfield code="w">2026-04-10</subfield>
    <subfield code="y">RN</subfield>
  </datafield>
  <datafield tag="952" ind1=" " ind2=" ">
    <subfield code="0">0</subfield>
    <subfield code="1">0</subfield>
    <subfield code="4">0</subfield>
    <subfield code="7">0</subfield>
    <subfield code="a">BCEJYS</subfield>
    <subfield code="b">BCEJYS</subfield>
    <subfield code="c">13</subfield>
    <subfield code="d">1999-09-01</subfield>
    <subfield code="h">A&#xF1;o 21, N&#xBA; 212 - sep./dic. 1999</subfield>
    <subfield code="l">0</subfield>
    <subfield code="o">H330 NOV 212</subfield>
    <subfield code="p">R20870</subfield>
    <subfield code="r">2026-04-10 16:07:23</subfield>
    <subfield code="w">2026-04-10</subfield>
    <subfield code="y">RN</subfield>
  </datafield>
  <datafield tag="952" ind1=" " ind2=" ">
    <subfield code="0">0</subfield>
    <subfield code="1">0</subfield>
    <subfield code="4">0</subfield>
    <subfield code="7">0</subfield>
    <subfield code="a">BCEJYS</subfield>
    <subfield code="b">BCEJYS</subfield>
    <subfield code="c">13</subfield>
    <subfield code="d">1999-07-01</subfield>
    <subfield code="h">A&#xF1;o 21, N&#xBA; 211 - jul./ago. 1999</subfield>
    <subfield code="l">0</subfield>
    <subfield code="o">H330 NOV 211</subfield>
    <subfield code="p">R20869</subfield>
    <subfield code="r">2026-04-10 16:07:23</subfield>
    <subfield code="w">2026-04-10</subfield>
    <subfield code="y">RN</subfield>
  </datafield>
  <datafield tag="952" ind1=" " ind2=" ">
    <subfield code="0">0</subfield>
    <subfield code="1">0</subfield>
    <subfield code="4">0</subfield>
    <subfield code="7">0</subfield>
    <subfield code="a">BCEJYS</subfield>
    <subfield code="b">BCEJYS</subfield>
    <subfield code="c">13</subfield>
    <subfield code="d">1999-05-01</subfield>
    <subfield code="h">A&#xF1;o 21, N&#xBA; 210 - mayo/jun. 1999</subfield>
    <subfield code="l">0</subfield>
    <subfield code="o">H330 NOV 210</subfield>
    <subfield code="p">R20868</subfield>
    <subfield code="r">2026-04-10 16:07:23</subfield>
    <subfield code="w">2026-04-10</subfield>
    <subfield code="y">RN</subfield>
  </datafield>
  <datafield tag="952" ind1=" " ind2=" ">
    <subfield code="0">0</subfield>
    <subfield code="1">0</subfield>
    <subfield code="4">0</subfield>
    <subfield code="7">0</subfield>
    <subfield code="a">BCEJYS</subfield>
    <subfield code="b">BCEJYS</subfield>
    <subfield code="c">13</subfield>
    <subfield code="d">1999-03-01</subfield>
    <subfield code="h">A&#xF1;o 21, N&#xBA; 209 - mar./abr. 1999</subfield>
    <subfield code="l">0</subfield>
    <subfield code="o">H330 NOV 209</subfield>
    <subfield code="p">R20867</subfield>
    <subfield code="r">2026-04-10 16:07:23</subfield>
    <subfield code="w">2026-04-10</subfield>
    <subfield code="y">RN</subfield>
  </datafield>
  <datafield tag="952" ind1=" " ind2=" ">
    <subfield code="0">0</subfield>
    <subfield code="1">0</subfield>
    <subfield code="4">0</subfield>
    <subfield code="7">0</subfield>
    <subfield code="a">BCEJYS</subfield>
    <subfield code="b">BCEJYS</subfield>
    <subfield code="c">13</subfield>
    <subfield code="d">1999-01-01</subfield>
    <subfield code="h">A&#xF1;o 21, N&#xBA; 208 - ene./feb. 1999</subfield>
    <subfield code="l">0</subfield>
    <subfield code="o">H330 NOV 208</subfield>
    <subfield code="p">R20866</subfield>
    <subfield code="r">2026-04-10 16:07:23</subfield>
    <subfield code="w">2026-04-10</subfield>
    <subfield code="y">RN</subfield>
  </datafield>
  <datafield tag="952" ind1=" " ind2=" ">
    <subfield code="0">0</subfield>
    <subfield code="1">0</subfield>
    <subfield code="4">0</subfield>
    <subfield code="7">0</subfield>
    <subfield code="a">BCEJYS</subfield>
    <subfield code="b">BCEJYS</subfield>
    <subfield code="c">13</subfield>
    <subfield code="d">1998-11-01</subfield>
    <subfield code="h">A&#xF1;o 20, N&#xBA; 207 - nov./dic. 1998</subfield>
    <subfield code="l">0</subfield>
    <subfield code="o">H330 NOV 207</subfield>
    <subfield code="p">R20865</subfield>
    <subfield code="r">2026-04-10 16:07:23</subfield>
    <subfield code="w">2026-04-10</subfield>
    <subfield code="y">RN</subfield>
  </datafield>
  <datafield tag="952" ind1=" " ind2=" ">
    <subfield code="0">0</subfield>
    <subfield code="1">0</subfield>
    <subfield code="4">0</subfield>
    <subfield code="7">0</subfield>
    <subfield code="a">BCEJYS</subfield>
    <subfield code="b">BCEJYS</subfield>
    <subfield code="c">13</subfield>
    <subfield code="d">1998-09-01</subfield>
    <subfield code="h">A&#xF1;o 20, N&#xBA; 206 - sep./oct. 1998</subfield>
    <subfield code="l">0</subfield>
    <subfield code="o">H330 NOV 206</subfield>
    <subfield code="p">R20864</subfield>
    <subfield code="r">2026-04-10 16:07:23</subfield>
    <subfield code="w">2026-04-10</subfield>
    <subfield code="y">RN</subfield>
  </datafield>
  <datafield tag="952" ind1=" " ind2=" ">
    <subfield code="0">0</subfield>
    <subfield code="1">0</subfield>
    <subfield code="4">0</subfield>
    <subfield code="7">0</subfield>
    <subfield code="a">BCEJYS</subfield>
    <subfield code="b">BCEJYS</subfield>
    <subfield code="c">13</subfield>
    <subfield code="d">1998-07-01</subfield>
    <subfield code="h">A&#xF1;o 20, N&#xBA; 205 - jul./ago. 1998</subfield>
    <subfield code="l">0</subfield>
    <subfield code="o">H330 NOV 205</subfield>
    <subfield code="p">R20863</subfield>
    <subfield code="r">2026-04-10 16:07:23</subfield>
    <subfield code="w">2026-04-10</subfield>
    <subfield code="y">RN</subfield>
  </datafield>
  <datafield tag="952" ind1=" " ind2=" ">
    <subfield code="0">0</subfield>
    <subfield code="1">0</subfield>
    <subfield code="4">0</subfield>
    <subfield code="7">0</subfield>
    <subfield code="a">BCEJYS</subfield>
    <subfield code="b">BCEJYS</subfield>
    <subfield code="c">13</subfield>
    <subfield code="d">1998-05-01</subfield>
    <subfield code="h">A&#xF1;o 20, N&#xBA; 204 - mayo/jun. 1998</subfield>
    <subfield code="l">0</subfield>
    <subfield code="o">H330 NOV 204</subfield>
    <subfield code="p">R20862</subfield>
    <subfield code="r">2026-04-10 16:07:23</subfield>
    <subfield code="w">2026-04-10</subfield>
    <subfield code="y">RN</subfield>
  </datafield>
  <datafield tag="952" ind1=" " ind2=" ">
    <subfield code="0">0</subfield>
    <subfield code="1">0</subfield>
    <subfield code="4">0</subfield>
    <subfield code="7">0</subfield>
    <subfield code="a">BCEJYS</subfield>
    <subfield code="b">BCEJYS</subfield>
    <subfield code="c">13</subfield>
    <subfield code="d">1998-03-01</subfield>
    <subfield code="h">A&#xF1;o 20, N&#xBA; 203 - mar./abr. 1998</subfield>
    <subfield code="l">0</subfield>
    <subfield code="o">H330 NOV 203</subfield>
    <subfield code="p">R20861</subfield>
    <subfield code="r">2026-04-10 16:07:23</subfield>
    <subfield code="w">2026-04-10</subfield>
    <subfield code="y">RN</subfield>
  </datafield>
  <datafield tag="952" ind1=" " ind2=" ">
    <subfield code="0">0</subfield>
    <subfield code="1">0</subfield>
    <subfield code="4">0</subfield>
    <subfield code="7">0</subfield>
    <subfield code="a">BCEJYS</subfield>
    <subfield code="b">BCEJYS</subfield>
    <subfield code="c">17</subfield>
    <subfield code="d">1998-02-01</subfield>
    <subfield code="h">A&#xF1;o 20, N&#xBA; 202 - ene./feb. 1998</subfield>
    <subfield code="l">0</subfield>
    <subfield code="o">H330 NOV 202</subfield>
    <subfield code="p">R06764</subfield>
    <subfield code="r">2026-04-10 16:07:23</subfield>
    <subfield code="w">2026-04-10</subfield>
    <subfield code="y">RN</subfield>
  </datafield>
  <datafield tag="952" ind1=" " ind2=" ">
    <subfield code="0">0</subfield>
    <subfield code="1">0</subfield>
    <subfield code="4">0</subfield>
    <subfield code="7">0</subfield>
    <subfield code="a">BCEJYS</subfield>
    <subfield code="b">BCEJYS</subfield>
    <subfield code="c">13</subfield>
    <subfield code="d">1997-11-01</subfield>
    <subfield code="h">A&#xF1;o 19, N&#xBA; 201 - nov./dic. 1997</subfield>
    <subfield code="l">0</subfield>
    <subfield code="o">H330 NOV 201</subfield>
    <subfield code="p">R20860</subfield>
    <subfield code="r">2026-04-10 16:07:23</subfield>
    <subfield code="w">2026-04-10</subfield>
    <subfield code="y">RN</subfield>
  </datafield>
  <datafield tag="952" ind1=" " ind2=" ">
    <subfield code="0">0</subfield>
    <subfield code="1">0</subfield>
    <subfield code="4">0</subfield>
    <subfield code="7">0</subfield>
    <subfield code="a">BCEJYS</subfield>
    <subfield code="b">BCEJYS</subfield>
    <subfield code="c">13</subfield>
    <subfield code="d">1997-09-01</subfield>
    <subfield code="h">A&#xF1;o 19, N&#xBA; 200 - sep./oct. 1997</subfield>
    <subfield code="l">0</subfield>
    <subfield code="o">H330 NOV 200</subfield>
    <subfield code="p">R20859</subfield>
    <subfield code="r">2026-04-10 16:07:23</subfield>
    <subfield code="w">2026-04-10</subfield>
    <subfield code="y">RN</subfield>
  </datafield>
  <datafield tag="952" ind1=" " ind2=" ">
    <subfield code="0">0</subfield>
    <subfield code="1">0</subfield>
    <subfield code="4">0</subfield>
    <subfield code="7">0</subfield>
    <subfield code="a">BCEJYS</subfield>
    <subfield code="b">BCEJYS</subfield>
    <subfield code="c">13</subfield>
    <subfield code="d">1997-07-01</subfield>
    <subfield code="h">A&#xF1;o 19, N&#xBA; 199 - jul./ago. 1997</subfield>
    <subfield code="l">0</subfield>
    <subfield code="o">H330 NOV 199</subfield>
    <subfield code="p">R20858</subfield>
    <subfield code="r">2026-04-10 16:07:23</subfield>
    <subfield code="w">2026-04-10</subfield>
    <subfield code="y">RN</subfield>
  </datafield>
  <datafield tag="952" ind1=" " ind2=" ">
    <subfield code="0">0</subfield>
    <subfield code="1">0</subfield>
    <subfield code="4">0</subfield>
    <subfield code="7">0</subfield>
    <subfield code="a">BCEJYS</subfield>
    <subfield code="b">BCEJYS</subfield>
    <subfield code="c">13</subfield>
    <subfield code="d">1997-05-01</subfield>
    <subfield code="h">A&#xF1;o 19, N&#xBA; 197/198 - mayo/jun. 1997</subfield>
    <subfield code="l">0</subfield>
    <subfield code="o">H330 NOV 197/198</subfield>
    <subfield code="p">R20857</subfield>
    <subfield code="r">2026-04-10 16:07:23</subfield>
    <subfield code="w">2026-04-10</subfield>
    <subfield code="y">RN</subfield>
  </datafield>
  <datafield tag="952" ind1=" " ind2=" ">
    <subfield code="0">0</subfield>
    <subfield code="1">0</subfield>
    <subfield code="4">0</subfield>
    <subfield code="7">0</subfield>
    <subfield code="a">BCEJYS</subfield>
    <subfield code="b">BCEJYS</subfield>
    <subfield code="c">13</subfield>
    <subfield code="d">1997-04-01</subfield>
    <subfield code="h">A&#xF1;o 19, N&#xBA; 196 - abr. 1997</subfield>
    <subfield code="l">0</subfield>
    <subfield code="o">H330 NOV 196</subfield>
    <subfield code="p">R20856</subfield>
    <subfield code="r">2026-04-10 16:07:23</subfield>
    <subfield code="w">2026-04-10</subfield>
    <subfield code="y">RN</subfield>
  </datafield>
  <datafield tag="952" ind1=" " ind2=" ">
    <subfield code="0">0</subfield>
    <subfield code="1">0</subfield>
    <subfield code="4">0</subfield>
    <subfield code="7">0</subfield>
    <subfield code="a">BCEJYS</subfield>
    <subfield code="b">BCEJYS</subfield>
    <subfield code="c">13</subfield>
    <subfield code="d">1997-03-01</subfield>
    <subfield code="h">A&#xF1;o 19, N&#xBA; 195 - mar. 1997</subfield>
    <subfield code="l">0</subfield>
    <subfield code="o">H330 NOV 195</subfield>
    <subfield code="p">R20855</subfield>
    <subfield code="r">2026-04-10 16:07:23</subfield>
    <subfield code="w">2026-04-10</subfield>
    <subfield code="y">RN</subfield>
  </datafield>
  <datafield tag="952" ind1=" " ind2=" ">
    <subfield code="0">0</subfield>
    <subfield code="1">0</subfield>
    <subfield code="4">0</subfield>
    <subfield code="7">0</subfield>
    <subfield code="a">BCEJYS</subfield>
    <subfield code="b">BCEJYS</subfield>
    <subfield code="c">13</subfield>
    <subfield code="d">1997-01-01</subfield>
    <subfield code="h">A&#xF1;o 19, N&#xBA; 193/194 - ene./feb. 1997</subfield>
    <subfield code="l">0</subfield>
    <subfield code="o">H330 NOV 193/194</subfield>
    <subfield code="p">R20854</subfield>
    <subfield code="r">2026-04-10 16:07:23</subfield>
    <subfield code="w">2026-04-10</subfield>
    <subfield code="y">RN</subfield>
  </datafield>
  <datafield tag="952" ind1=" " ind2=" ">
    <subfield code="0">0</subfield>
    <subfield code="1">0</subfield>
    <subfield code="4">0</subfield>
    <subfield code="7">0</subfield>
    <subfield code="a">BCEJYS</subfield>
    <subfield code="b">BCEJYS</subfield>
    <subfield code="c">13</subfield>
    <subfield code="d">1996-11-01</subfield>
    <subfield code="h">A&#xF1;o 18, N&#xBA; 191 - nov./dic. 1996</subfield>
    <subfield code="l">0</subfield>
    <subfield code="o">H330 NOV 191/192</subfield>
    <subfield code="p">R20853</subfield>
    <subfield code="r">2026-04-10 16:07:23</subfield>
    <subfield code="w">2026-04-10</subfield>
    <subfield code="y">RN</subfield>
  </datafield>
  <datafield tag="952" ind1=" " ind2=" ">
    <subfield code="0">0</subfield>
    <subfield code="1">0</subfield>
    <subfield code="4">0</subfield>
    <subfield code="7">0</subfield>
    <subfield code="a">BCEJYS</subfield>
    <subfield code="b">BCEJYS</subfield>
    <subfield code="c">13</subfield>
    <subfield code="d">1996-10-01</subfield>
    <subfield code="h">A&#xF1;o 18, N&#xBA; 190 - oct. 1996</subfield>
    <subfield code="l">0</subfield>
    <subfield code="o">H330 NOV 190</subfield>
    <subfield code="p">R20852</subfield>
    <subfield code="r">2026-04-10 16:07:23</subfield>
    <subfield code="w">2026-04-10</subfield>
    <subfield code="y">RN</subfield>
  </datafield>
  <datafield tag="952" ind1=" " ind2=" ">
    <subfield code="0">0</subfield>
    <subfield code="1">0</subfield>
    <subfield code="4">0</subfield>
    <subfield code="7">0</subfield>
    <subfield code="a">BCEJYS</subfield>
    <subfield code="b">BCEJYS</subfield>
    <subfield code="c">13</subfield>
    <subfield code="d">1996-09-01</subfield>
    <subfield code="h">A&#xF1;o 18, N&#xBA; 189 - sep. 1996</subfield>
    <subfield code="l">0</subfield>
    <subfield code="o">H330 NOV 189</subfield>
    <subfield code="p">R20851</subfield>
    <subfield code="r">2026-04-10 16:07:23</subfield>
    <subfield code="w">2026-04-10</subfield>
    <subfield code="y">RN</subfield>
  </datafield>
  <datafield tag="952" ind1=" " ind2=" ">
    <subfield code="0">0</subfield>
    <subfield code="1">0</subfield>
    <subfield code="4">0</subfield>
    <subfield code="7">0</subfield>
    <subfield code="a">BCEJYS</subfield>
    <subfield code="b">BCEJYS</subfield>
    <subfield code="c">13</subfield>
    <subfield code="d">1996-08-01</subfield>
    <subfield code="h">A&#xF1;o 18, N&#xBA; 188 - ago. 1996</subfield>
    <subfield code="l">0</subfield>
    <subfield code="o">H330 NOV 188</subfield>
    <subfield code="p">R20850</subfield>
    <subfield code="r">2026-04-10 16:07:23</subfield>
    <subfield code="w">2026-04-10</subfield>
    <subfield code="y">RN</subfield>
  </datafield>
  <datafield tag="952" ind1=" " ind2=" ">
    <subfield code="0">0</subfield>
    <subfield code="1">0</subfield>
    <subfield code="4">0</subfield>
    <subfield code="7">0</subfield>
    <subfield code="a">BCEJYS</subfield>
    <subfield code="b">BCEJYS</subfield>
    <subfield code="c">13</subfield>
    <subfield code="d">1996-07-01</subfield>
    <subfield code="h">A&#xF1;o 18, N&#xBA; 187 - jul. 1996</subfield>
    <subfield code="l">0</subfield>
    <subfield code="o">H330 NOV 187</subfield>
    <subfield code="p">R20849</subfield>
    <subfield code="r">2026-04-10 16:07:23</subfield>
    <subfield code="w">2026-04-10</subfield>
    <subfield code="y">RN</subfield>
  </datafield>
  <datafield tag="952" ind1=" " ind2=" ">
    <subfield code="0">0</subfield>
    <subfield code="1">0</subfield>
    <subfield code="4">0</subfield>
    <subfield code="7">0</subfield>
    <subfield code="a">BCEJYS</subfield>
    <subfield code="b">BCEJYS</subfield>
    <subfield code="c">13</subfield>
    <subfield code="d">1996-06-01</subfield>
    <subfield code="h">A&#xF1;o 18, N&#xBA; 186 - jun. 1996</subfield>
    <subfield code="l">0</subfield>
    <subfield code="o">H330 NOV 186</subfield>
    <subfield code="p">R20848</subfield>
    <subfield code="r">2026-04-10 16:07:23</subfield>
    <subfield code="w">2026-04-10</subfield>
    <subfield code="y">RN</subfield>
  </datafield>
  <datafield tag="952" ind1=" " ind2=" ">
    <subfield code="0">0</subfield>
    <subfield code="1">0</subfield>
    <subfield code="4">0</subfield>
    <subfield code="7">0</subfield>
    <subfield code="a">BCEJYS</subfield>
    <subfield code="b">BCEJYS</subfield>
    <subfield code="c">13</subfield>
    <subfield code="d">1996-05-01</subfield>
    <subfield code="h">A&#xF1;o 18, N&#xBA; 185 - mayo 1996</subfield>
    <subfield code="l">0</subfield>
    <subfield code="o">H330 NOV 185</subfield>
    <subfield code="p">R20847</subfield>
    <subfield code="r">2026-04-10 16:07:23</subfield>
    <subfield code="w">2026-04-10</subfield>
    <subfield code="y">RN</subfield>
  </datafield>
  <datafield tag="952" ind1=" " ind2=" ">
    <subfield code="0">0</subfield>
    <subfield code="1">0</subfield>
    <subfield code="4">0</subfield>
    <subfield code="7">0</subfield>
    <subfield code="a">BCEJYS</subfield>
    <subfield code="b">BCEJYS</subfield>
    <subfield code="c">13</subfield>
    <subfield code="d">1996-04-01</subfield>
    <subfield code="h">A&#xF1;o 18, N&#xBA; 184 - abr. 1996</subfield>
    <subfield code="l">0</subfield>
    <subfield code="o">H330 NOV 184</subfield>
    <subfield code="p">R20846</subfield>
    <subfield code="r">2026-04-10 16:07:23</subfield>
    <subfield code="w">2026-04-10</subfield>
    <subfield code="y">RN</subfield>
  </datafield>
  <datafield tag="952" ind1=" " ind2=" ">
    <subfield code="0">0</subfield>
    <subfield code="1">0</subfield>
    <subfield code="4">0</subfield>
    <subfield code="7">0</subfield>
    <subfield code="a">BCEJYS</subfield>
    <subfield code="b">BCEJYS</subfield>
    <subfield code="c">13</subfield>
    <subfield code="d">1996-03-01</subfield>
    <subfield code="h">A&#xF1;o 18, N&#xBA; 183 - mar. 1996</subfield>
    <subfield code="l">0</subfield>
    <subfield code="o">H330 NOV 183</subfield>
    <subfield code="p">R20845</subfield>
    <subfield code="r">2026-04-10 16:07:23</subfield>
    <subfield code="w">2026-04-10</subfield>
    <subfield code="y">RN</subfield>
  </datafield>
  <datafield tag="952" ind1=" " ind2=" ">
    <subfield code="0">0</subfield>
    <subfield code="1">0</subfield>
    <subfield code="4">0</subfield>
    <subfield code="7">0</subfield>
    <subfield code="a">BCEJYS</subfield>
    <subfield code="b">BCEJYS</subfield>
    <subfield code="c">13</subfield>
    <subfield code="d">1996-02-01</subfield>
    <subfield code="h">A&#xF1;o 18, N&#xBA; 182 - feb. 1996</subfield>
    <subfield code="l">0</subfield>
    <subfield code="o">H330 NOV 182</subfield>
    <subfield code="p">R20844</subfield>
    <subfield code="r">2026-04-10 16:07:23</subfield>
    <subfield code="w">2026-04-10</subfield>
    <subfield code="y">RN</subfield>
  </datafield>
  <datafield tag="952" ind1=" " ind2=" ">
    <subfield code="0">0</subfield>
    <subfield code="1">0</subfield>
    <subfield code="4">0</subfield>
    <subfield code="7">0</subfield>
    <subfield code="a">BCEJYS</subfield>
    <subfield code="b">BCEJYS</subfield>
    <subfield code="c">13</subfield>
    <subfield code="d">1996-01-01</subfield>
    <subfield code="h">A&#xF1;o 18, N&#xBA; 181 - ene. 1996</subfield>
    <subfield code="l">0</subfield>
    <subfield code="o">H330 NOV 181</subfield>
    <subfield code="p">R20843</subfield>
    <subfield code="r">2026-04-10 16:07:23</subfield>
    <subfield code="w">2026-04-10</subfield>
    <subfield code="y">RN</subfield>
  </datafield>
  <datafield tag="952" ind1=" " ind2=" ">
    <subfield code="0">0</subfield>
    <subfield code="1">0</subfield>
    <subfield code="4">0</subfield>
    <subfield code="7">0</subfield>
    <subfield code="a">BCEJYS</subfield>
    <subfield code="b">BCEJYS</subfield>
    <subfield code="c">13</subfield>
    <subfield code="d">1995-11-01</subfield>
    <subfield code="h">A&#xF1;o 17, N&#xBA; 179 - nov./dic. 1995</subfield>
    <subfield code="l">0</subfield>
    <subfield code="o">H330 NOV 179</subfield>
    <subfield code="p">R20842</subfield>
    <subfield code="r">2026-04-10 16:07:23</subfield>
    <subfield code="w">2026-04-10</subfield>
    <subfield code="y">RN</subfield>
  </datafield>
  <datafield tag="952" ind1=" " ind2=" ">
    <subfield code="0">0</subfield>
    <subfield code="1">0</subfield>
    <subfield code="4">0</subfield>
    <subfield code="7">0</subfield>
    <subfield code="a">BCEJYS</subfield>
    <subfield code="b">BCEJYS</subfield>
    <subfield code="c">13</subfield>
    <subfield code="d">1995-10-01</subfield>
    <subfield code="h">A&#xF1;o 17, N&#xBA; 178 - oct. 1995</subfield>
    <subfield code="l">0</subfield>
    <subfield code="o">H330 NOV 178</subfield>
    <subfield code="p">R20841</subfield>
    <subfield code="r">2026-04-10 16:07:23</subfield>
    <subfield code="w">2026-04-10</subfield>
    <subfield code="y">RN</subfield>
  </datafield>
  <datafield tag="952" ind1=" " ind2=" ">
    <subfield code="0">0</subfield>
    <subfield code="1">0</subfield>
    <subfield code="4">0</subfield>
    <subfield code="7">0</subfield>
    <subfield code="a">BCEJYS</subfield>
    <subfield code="b">BCEJYS</subfield>
    <subfield code="c">13</subfield>
    <subfield code="d">1995-09-01</subfield>
    <subfield code="h">A&#xF1;o 17, N&#xBA; 177 - sep. 1995</subfield>
    <subfield code="l">0</subfield>
    <subfield code="o">H330 NOV 177</subfield>
    <subfield code="p">R20840</subfield>
    <subfield code="r">2026-04-10 16:07:23</subfield>
    <subfield code="w">2026-04-10</subfield>
    <subfield code="y">RN</subfield>
  </datafield>
  <datafield tag="952" ind1=" " ind2=" ">
    <subfield code="0">0</subfield>
    <subfield code="1">0</subfield>
    <subfield code="4">0</subfield>
    <subfield code="7">0</subfield>
    <subfield code="a">BCEJYS</subfield>
    <subfield code="b">BCEJYS</subfield>
    <subfield code="c">13</subfield>
    <subfield code="d">1995-08-01</subfield>
    <subfield code="h">A&#xF1;o 17, N&#xBA; 176 - ago. 1995</subfield>
    <subfield code="l">0</subfield>
    <subfield code="o">H330 NOV 176</subfield>
    <subfield code="p">R20839</subfield>
    <subfield code="r">2026-04-10 16:07:23</subfield>
    <subfield code="w">2026-04-10</subfield>
    <subfield code="y">RN</subfield>
  </datafield>
  <datafield tag="952" ind1=" " ind2=" ">
    <subfield code="0">0</subfield>
    <subfield code="1">0</subfield>
    <subfield code="4">0</subfield>
    <subfield code="7">0</subfield>
    <subfield code="a">BCEJYS</subfield>
    <subfield code="b">BCEJYS</subfield>
    <subfield code="c">13</subfield>
    <subfield code="d">1995-07-01</subfield>
    <subfield code="h">A&#xF1;o 17, N&#xBA; 175 - jul. 1995</subfield>
    <subfield code="l">0</subfield>
    <subfield code="o">H330 NOV 175</subfield>
    <subfield code="p">R20838</subfield>
    <subfield code="r">2026-04-10 16:07:23</subfield>
    <subfield code="w">2026-04-10</subfield>
    <subfield code="y">RN</subfield>
  </datafield>
  <datafield tag="952" ind1=" " ind2=" ">
    <subfield code="0">0</subfield>
    <subfield code="1">0</subfield>
    <subfield code="4">0</subfield>
    <subfield code="7">0</subfield>
    <subfield code="a">BCEJYS</subfield>
    <subfield code="b">BCEJYS</subfield>
    <subfield code="c">13</subfield>
    <subfield code="d">1995-06-01</subfield>
    <subfield code="h">A&#xF1;o 17, N&#xBA; 174 - jun. 1995</subfield>
    <subfield code="l">0</subfield>
    <subfield code="o">H330 NOV 174</subfield>
    <subfield code="p">R20837</subfield>
    <subfield code="r">2026-04-10 16:07:23</subfield>
    <subfield code="w">2026-04-10</subfield>
    <subfield code="y">RN</subfield>
  </datafield>
  <datafield tag="952" ind1=" " ind2=" ">
    <subfield code="0">0</subfield>
    <subfield code="1">0</subfield>
    <subfield code="4">0</subfield>
    <subfield code="7">0</subfield>
    <subfield code="a">BCEJYS</subfield>
    <subfield code="b">BCEJYS</subfield>
    <subfield code="c">13</subfield>
    <subfield code="d">1995-04-01</subfield>
    <subfield code="h">A&#xF1;o 17, N&#xBA; 172/173 - abr./mayo 1995</subfield>
    <subfield code="l">0</subfield>
    <subfield code="o">H330 NOV 172/173</subfield>
    <subfield code="p">R20836</subfield>
    <subfield code="r">2026-04-10 16:07:23</subfield>
    <subfield code="w">2026-04-10</subfield>
    <subfield code="y">RN</subfield>
  </datafield>
  <datafield tag="952" ind1=" " ind2=" ">
    <subfield code="0">0</subfield>
    <subfield code="1">0</subfield>
    <subfield code="4">0</subfield>
    <subfield code="7">0</subfield>
    <subfield code="a">BCEJYS</subfield>
    <subfield code="b">BCEJYS</subfield>
    <subfield code="c">17</subfield>
    <subfield code="d">1995-03-01</subfield>
    <subfield code="h">A&#xF1;o 17, N&#xBA; 171 - mar. 1995</subfield>
    <subfield code="l">0</subfield>
    <subfield code="o">H330 NOV 171</subfield>
    <subfield code="p">R06763</subfield>
    <subfield code="r">2026-04-10 16:07:23</subfield>
    <subfield code="w">2026-04-10</subfield>
    <subfield code="y">RN</subfield>
  </datafield>
  <datafield tag="952" ind1=" " ind2=" ">
    <subfield code="0">0</subfield>
    <subfield code="1">0</subfield>
    <subfield code="4">0</subfield>
    <subfield code="7">0</subfield>
    <subfield code="a">BCEJYS</subfield>
    <subfield code="b">BCEJYS</subfield>
    <subfield code="c">13</subfield>
    <subfield code="d">1995-02-01</subfield>
    <subfield code="h">A&#xF1;o 17, N&#xBA; 170 - feb. 1995</subfield>
    <subfield code="l">0</subfield>
    <subfield code="o">H330 NOV 170</subfield>
    <subfield code="p">R20835</subfield>
    <subfield code="r">2026-04-10 16:07:23</subfield>
    <subfield code="w">2026-04-10</subfield>
    <subfield code="y">RN</subfield>
  </datafield>
  <datafield tag="952" ind1=" " ind2=" ">
    <subfield code="0">0</subfield>
    <subfield code="1">0</subfield>
    <subfield code="4">0</subfield>
    <subfield code="7">0</subfield>
    <subfield code="a">BCEJYS</subfield>
    <subfield code="b">BCEJYS</subfield>
    <subfield code="c">13</subfield>
    <subfield code="d">1994-12-01</subfield>
    <subfield code="h">N&#xBA; 168/169 - dic. 1994/ene. 1995</subfield>
    <subfield code="l">0</subfield>
    <subfield code="o">H330 NOV 168/169</subfield>
    <subfield code="p">R20834</subfield>
    <subfield code="r">2026-04-10 16:07:23</subfield>
    <subfield code="w">2026-04-10</subfield>
    <subfield code="y">RN</subfield>
  </datafield>
  <datafield tag="952" ind1=" " ind2=" ">
    <subfield code="0">0</subfield>
    <subfield code="1">0</subfield>
    <subfield code="4">0</subfield>
    <subfield code="7">0</subfield>
    <subfield code="a">BCEJYS</subfield>
    <subfield code="b">BCEJYS</subfield>
    <subfield code="c">13</subfield>
    <subfield code="d">1994-11-01</subfield>
    <subfield code="h">A&#xF1;o 16, N&#xBA; 167 - nov. 1994</subfield>
    <subfield code="l">0</subfield>
    <subfield code="o">H330 NOV 167</subfield>
    <subfield code="p">R20833</subfield>
    <subfield code="r">2026-04-10 16:07:23</subfield>
    <subfield code="w">2026-04-10</subfield>
    <subfield code="y">RN</subfield>
  </datafield>
  <datafield tag="952" ind1=" " ind2=" ">
    <subfield code="0">0</subfield>
    <subfield code="1">0</subfield>
    <subfield code="4">0</subfield>
    <subfield code="7">0</subfield>
    <subfield code="a">BCEJYS</subfield>
    <subfield code="b">BCEJYS</subfield>
    <subfield code="c">17</subfield>
    <subfield code="d">1994-10-01</subfield>
    <subfield code="h">A&#xF1;o 16, N&#xBA; 166 - oct. 1994</subfield>
    <subfield code="l">0</subfield>
    <subfield code="o">H330 NOV 166</subfield>
    <subfield code="p">R06762</subfield>
    <subfield code="r">2026-04-10 16:07:23</subfield>
    <subfield code="w">2026-04-10</subfield>
    <subfield code="y">RN</subfield>
  </datafield>
  <datafield tag="952" ind1=" " ind2=" ">
    <subfield code="0">0</subfield>
    <subfield code="1">0</subfield>
    <subfield code="4">0</subfield>
    <subfield code="7">0</subfield>
    <subfield code="a">BCEJYS</subfield>
    <subfield code="b">BCEJYS</subfield>
    <subfield code="c">17</subfield>
    <subfield code="d">1994-09-01</subfield>
    <subfield code="h">A&#xF1;o 16, N&#xBA; 165 - sep. 1994</subfield>
    <subfield code="l">0</subfield>
    <subfield code="o">H330 NOV 165</subfield>
    <subfield code="p">R06761</subfield>
    <subfield code="r">2026-04-10 16:07:23</subfield>
    <subfield code="w">2026-04-10</subfield>
    <subfield code="y">RN</subfield>
  </datafield>
  <datafield tag="952" ind1=" " ind2=" ">
    <subfield code="0">0</subfield>
    <subfield code="1">0</subfield>
    <subfield code="4">0</subfield>
    <subfield code="7">0</subfield>
    <subfield code="a">BCEJYS</subfield>
    <subfield code="b">BCEJYS</subfield>
    <subfield code="c">17</subfield>
    <subfield code="d">1994-08-01</subfield>
    <subfield code="h">A&#xF1;o 16, N&#xBA; 164 - ago. 1994</subfield>
    <subfield code="l">0</subfield>
    <subfield code="o">H330 NOV 164</subfield>
    <subfield code="p">R06760</subfield>
    <subfield code="r">2026-04-10 16:07:23</subfield>
    <subfield code="w">2026-04-10</subfield>
    <subfield code="y">RN</subfield>
  </datafield>
  <datafield tag="952" ind1=" " ind2=" ">
    <subfield code="0">0</subfield>
    <subfield code="1">0</subfield>
    <subfield code="4">0</subfield>
    <subfield code="7">0</subfield>
    <subfield code="a">BCEJYS</subfield>
    <subfield code="b">BCEJYS</subfield>
    <subfield code="c">17</subfield>
    <subfield code="d">1994-07-01</subfield>
    <subfield code="h">A&#xF1;o 16, N&#xBA; 163 - jul. 1994</subfield>
    <subfield code="l">0</subfield>
    <subfield code="o">H330 NOV 163</subfield>
    <subfield code="p">R06759</subfield>
    <subfield code="r">2026-04-10 16:07:23</subfield>
    <subfield code="w">2026-04-10</subfield>
    <subfield code="y">RN</subfield>
  </datafield>
  <datafield tag="952" ind1=" " ind2=" ">
    <subfield code="0">0</subfield>
    <subfield code="1">0</subfield>
    <subfield code="4">0</subfield>
    <subfield code="7">0</subfield>
    <subfield code="a">BCEJYS</subfield>
    <subfield code="b">BCEJYS</subfield>
    <subfield code="c">17</subfield>
    <subfield code="d">1994-06-01</subfield>
    <subfield code="h">A&#xF1;o 16, N&#xBA; 162 - jun. 1994</subfield>
    <subfield code="l">0</subfield>
    <subfield code="o">H330 NOV 162</subfield>
    <subfield code="p">R06758</subfield>
    <subfield code="r">2026-04-10 16:07:23</subfield>
    <subfield code="w">2026-04-10</subfield>
    <subfield code="y">RN</subfield>
  </datafield>
  <datafield tag="952" ind1=" " ind2=" ">
    <subfield code="0">0</subfield>
    <subfield code="1">0</subfield>
    <subfield code="4">0</subfield>
    <subfield code="7">0</subfield>
    <subfield code="a">BCEJYS</subfield>
    <subfield code="b">BCEJYS</subfield>
    <subfield code="c">17</subfield>
    <subfield code="d">1994-05-15</subfield>
    <subfield code="h">mayo 1994</subfield>
    <subfield code="l">0</subfield>
    <subfield code="o">H330 NOV 1994/1</subfield>
    <subfield code="p">R06757</subfield>
    <subfield code="r">2026-04-10 16:07:23</subfield>
    <subfield code="w">2026-04-10</subfield>
    <subfield code="y">RN</subfield>
  </datafield>
  <datafield tag="952" ind1=" " ind2=" ">
    <subfield code="0">0</subfield>
    <subfield code="1">0</subfield>
    <subfield code="4">0</subfield>
    <subfield code="7">0</subfield>
    <subfield code="a">BCEJYS</subfield>
    <subfield code="b">BCEJYS</subfield>
    <subfield code="c">13</subfield>
    <subfield code="d">1994-05-01</subfield>
    <subfield code="h">mayo 1994</subfield>
    <subfield code="l">0</subfield>
    <subfield code="o">H330 NOV 1994</subfield>
    <subfield code="p">R20832</subfield>
    <subfield code="r">2026-04-10 16:07:23</subfield>
    <subfield code="w">2026-04-10</subfield>
    <subfield code="y">RN</subfield>
  </datafield>
  <datafield tag="952" ind1=" " ind2=" ">
    <subfield code="0">0</subfield>
    <subfield code="1">0</subfield>
    <subfield code="4">0</subfield>
    <subfield code="7">0</subfield>
    <subfield code="a">BCEJYS</subfield>
    <subfield code="b">BCEJYS</subfield>
    <subfield code="c">17</subfield>
    <subfield code="d">1994-05-01</subfield>
    <subfield code="h">A&#xF1;o 16, N&#xBA; 161 - mayo 1994</subfield>
    <subfield code="l">0</subfield>
    <subfield code="o">H330 NOV 161</subfield>
    <subfield code="p">R06756</subfield>
    <subfield code="r">2026-04-10 16:07:23</subfield>
    <subfield code="w">2026-04-10</subfield>
    <subfield code="y">RN</subfield>
  </datafield>
  <datafield tag="952" ind1=" " ind2=" ">
    <subfield code="0">0</subfield>
    <subfield code="1">0</subfield>
    <subfield code="4">0</subfield>
    <subfield code="7">0</subfield>
    <subfield code="a">BCEJYS</subfield>
    <subfield code="b">BCEJYS</subfield>
    <subfield code="c">13</subfield>
    <subfield code="d">1994-04-01</subfield>
    <subfield code="h">A&#xF1;o 16, N&#xBA; 160 - abr. 1994</subfield>
    <subfield code="l">0</subfield>
    <subfield code="o">H330 NOV 160</subfield>
    <subfield code="p">R20831</subfield>
    <subfield code="r">2026-04-10 16:07:23</subfield>
    <subfield code="w">2026-04-10</subfield>
    <subfield code="y">RN</subfield>
  </datafield>
  <datafield tag="952" ind1=" " ind2=" ">
    <subfield code="0">0</subfield>
    <subfield code="1">0</subfield>
    <subfield code="4">0</subfield>
    <subfield code="7">0</subfield>
    <subfield code="a">BCEJYS</subfield>
    <subfield code="b">BCEJYS</subfield>
    <subfield code="c">17</subfield>
    <subfield code="d">1994-03-01</subfield>
    <subfield code="h">A&#xF1;o 16, N&#xBA; 159 - mar. 1994</subfield>
    <subfield code="l">0</subfield>
    <subfield code="o">H330 NOV 159</subfield>
    <subfield code="p">R06755</subfield>
    <subfield code="r">2026-04-10 16:07:23</subfield>
    <subfield code="w">2026-04-10</subfield>
    <subfield code="y">RN</subfield>
  </datafield>
  <datafield tag="952" ind1=" " ind2=" ">
    <subfield code="0">0</subfield>
    <subfield code="1">0</subfield>
    <subfield code="4">0</subfield>
    <subfield code="7">0</subfield>
    <subfield code="a">BCEJYS</subfield>
    <subfield code="b">BCEJYS</subfield>
    <subfield code="c">13</subfield>
    <subfield code="d">1994-01-01</subfield>
    <subfield code="h">A&#xF1;o 16, N&#xBA; 157/158 - ene./feb. 1994</subfield>
    <subfield code="l">0</subfield>
    <subfield code="o">H330 NOV 157/158</subfield>
    <subfield code="p">R20830</subfield>
    <subfield code="r">2026-04-10 16:07:23</subfield>
    <subfield code="w">2026-04-10</subfield>
    <subfield code="y">RN</subfield>
  </datafield>
  <datafield tag="952" ind1=" " ind2=" ">
    <subfield code="0">0</subfield>
    <subfield code="1">0</subfield>
    <subfield code="4">0</subfield>
    <subfield code="7">0</subfield>
    <subfield code="a">BCEJYS</subfield>
    <subfield code="b">BCEJYS</subfield>
    <subfield code="c">13</subfield>
    <subfield code="d">1993-11-01</subfield>
    <subfield code="h">A&#xF1;o 15, N&#xBA; 155/156 - nov./dic. 1993</subfield>
    <subfield code="l">0</subfield>
    <subfield code="o">H330 NOV 155/156</subfield>
    <subfield code="p">R20828</subfield>
    <subfield code="r">2026-04-10 16:07:23</subfield>
    <subfield code="w">2026-04-10</subfield>
    <subfield code="y">RN</subfield>
  </datafield>
  <datafield tag="952" ind1=" " ind2=" ">
    <subfield code="0">0</subfield>
    <subfield code="1">0</subfield>
    <subfield code="4">0</subfield>
    <subfield code="7">0</subfield>
    <subfield code="a">BCEJYS</subfield>
    <subfield code="b">BCEJYS</subfield>
    <subfield code="c">17</subfield>
    <subfield code="d">1993-10-01</subfield>
    <subfield code="h">A&#xF1;o 15, N&#xBA; 154 - oct. 1993</subfield>
    <subfield code="l">0</subfield>
    <subfield code="o">H330 NOV 154</subfield>
    <subfield code="p">R06754</subfield>
    <subfield code="r">2026-04-10 16:07:23</subfield>
    <subfield code="w">2026-04-10</subfield>
    <subfield code="y">RN</subfield>
  </datafield>
  <datafield tag="952" ind1=" " ind2=" ">
    <subfield code="0">0</subfield>
    <subfield code="1">0</subfield>
    <subfield code="4">0</subfield>
    <subfield code="7">0</subfield>
    <subfield code="a">BCEJYS</subfield>
    <subfield code="b">BCEJYS</subfield>
    <subfield code="c">13</subfield>
    <subfield code="d">1993-09-01</subfield>
    <subfield code="h">A&#xF1;o 15, N&#xBA; 153 - sep. 1993</subfield>
    <subfield code="l">0</subfield>
    <subfield code="o">H330 NOV 153</subfield>
    <subfield code="p">R20827</subfield>
    <subfield code="r">2026-04-10 16:07:23</subfield>
    <subfield code="w">2026-04-10</subfield>
    <subfield code="y">RN</subfield>
  </datafield>
  <datafield tag="952" ind1=" " ind2=" ">
    <subfield code="0">0</subfield>
    <subfield code="1">0</subfield>
    <subfield code="4">0</subfield>
    <subfield code="7">0</subfield>
    <subfield code="a">BCEJYS</subfield>
    <subfield code="b">BCEJYS</subfield>
    <subfield code="c">13</subfield>
    <subfield code="d">1993-08-01</subfield>
    <subfield code="h">A&#xF1;o 15, N&#xBA; 152 - ago. 1993</subfield>
    <subfield code="l">0</subfield>
    <subfield code="o">H330 NOV 152</subfield>
    <subfield code="p">R20826</subfield>
    <subfield code="r">2026-04-10 16:07:23</subfield>
    <subfield code="w">2026-04-10</subfield>
    <subfield code="y">RN</subfield>
  </datafield>
  <datafield tag="952" ind1=" " ind2=" ">
    <subfield code="0">0</subfield>
    <subfield code="1">0</subfield>
    <subfield code="4">0</subfield>
    <subfield code="7">0</subfield>
    <subfield code="a">BCEJYS</subfield>
    <subfield code="b">BCEJYS</subfield>
    <subfield code="c">17</subfield>
    <subfield code="d">1993-07-01</subfield>
    <subfield code="h">A&#xF1;o 15, N&#xBA; 151 - jul. 1993</subfield>
    <subfield code="l">0</subfield>
    <subfield code="o">H330 NOV 151</subfield>
    <subfield code="p">R06753</subfield>
    <subfield code="r">2026-04-10 16:07:23</subfield>
    <subfield code="w">2026-04-10</subfield>
    <subfield code="y">RN</subfield>
  </datafield>
  <datafield tag="952" ind1=" " ind2=" ">
    <subfield code="0">0</subfield>
    <subfield code="1">0</subfield>
    <subfield code="4">0</subfield>
    <subfield code="7">0</subfield>
    <subfield code="a">BCEJYS</subfield>
    <subfield code="b">BCEJYS</subfield>
    <subfield code="c">13</subfield>
    <subfield code="d">1993-06-01</subfield>
    <subfield code="h">A&#xF1;o 15, N&#xBA; 150 - jun. 1993</subfield>
    <subfield code="l">0</subfield>
    <subfield code="o">H330 NOV 150</subfield>
    <subfield code="p">R20825</subfield>
    <subfield code="r">2026-04-10 16:07:23</subfield>
    <subfield code="w">2026-04-10</subfield>
    <subfield code="y">RN</subfield>
  </datafield>
  <datafield tag="952" ind1=" " ind2=" ">
    <subfield code="0">0</subfield>
    <subfield code="1">0</subfield>
    <subfield code="4">0</subfield>
    <subfield code="7">0</subfield>
    <subfield code="a">BCEJYS</subfield>
    <subfield code="b">BCEJYS</subfield>
    <subfield code="c">13</subfield>
    <subfield code="d">1993-05-01</subfield>
    <subfield code="h">A&#xF1;o 15, N&#xBA; 149 - mayo 1993</subfield>
    <subfield code="l">0</subfield>
    <subfield code="o">H330 NOV 149</subfield>
    <subfield code="p">R20824</subfield>
    <subfield code="r">2026-04-10 16:07:23</subfield>
    <subfield code="w">2026-04-10</subfield>
    <subfield code="y">RN</subfield>
  </datafield>
  <datafield tag="952" ind1=" " ind2=" ">
    <subfield code="0">0</subfield>
    <subfield code="1">0</subfield>
    <subfield code="4">0</subfield>
    <subfield code="7">0</subfield>
    <subfield code="a">BCEJYS</subfield>
    <subfield code="b">BCEJYS</subfield>
    <subfield code="c">13</subfield>
    <subfield code="d">1993-04-01</subfield>
    <subfield code="h">A&#xF1;o 15, N&#xBA; 148 - abr. 1993</subfield>
    <subfield code="l">0</subfield>
    <subfield code="o">H330 NOV 148</subfield>
    <subfield code="p">R20823</subfield>
    <subfield code="r">2026-04-10 16:07:23</subfield>
    <subfield code="w">2026-04-10</subfield>
    <subfield code="y">RN</subfield>
  </datafield>
  <datafield tag="952" ind1=" " ind2=" ">
    <subfield code="0">0</subfield>
    <subfield code="1">0</subfield>
    <subfield code="4">0</subfield>
    <subfield code="7">0</subfield>
    <subfield code="a">BCEJYS</subfield>
    <subfield code="b">BCEJYS</subfield>
    <subfield code="c">13</subfield>
    <subfield code="d">1993-03-01</subfield>
    <subfield code="h">A&#xF1;o 15, N&#xBA; 147 - mar. 1993</subfield>
    <subfield code="l">0</subfield>
    <subfield code="o">H330 NOV 147</subfield>
    <subfield code="p">R20822</subfield>
    <subfield code="r">2026-04-10 16:07:23</subfield>
    <subfield code="w">2026-04-10</subfield>
    <subfield code="y">RN</subfield>
  </datafield>
  <datafield tag="952" ind1=" " ind2=" ">
    <subfield code="0">0</subfield>
    <subfield code="1">0</subfield>
    <subfield code="4">0</subfield>
    <subfield code="7">0</subfield>
    <subfield code="a">BCEJYS</subfield>
    <subfield code="b">BCEJYS</subfield>
    <subfield code="c">17</subfield>
    <subfield code="d">1993-02-01</subfield>
    <subfield code="h">A&#xF1;o 15, N&#xBA; 146 - feb. 1993</subfield>
    <subfield code="l">0</subfield>
    <subfield code="o">H330 NOV 146</subfield>
    <subfield code="p">R06752</subfield>
    <subfield code="r">2026-04-10 16:07:23</subfield>
    <subfield code="w">2026-04-10</subfield>
    <subfield code="y">RN</subfield>
  </datafield>
  <datafield tag="952" ind1=" " ind2=" ">
    <subfield code="0">0</subfield>
    <subfield code="1">0</subfield>
    <subfield code="4">0</subfield>
    <subfield code="7">0</subfield>
    <subfield code="a">BCEJYS</subfield>
    <subfield code="b">BCEJYS</subfield>
    <subfield code="c">13</subfield>
    <subfield code="d">1993-01-01</subfield>
    <subfield code="h">A&#xF1;o 15, N&#xBA; 145 - ene. 1993</subfield>
    <subfield code="l">0</subfield>
    <subfield code="o">H330 NOV 145</subfield>
    <subfield code="p">R20821</subfield>
    <subfield code="r">2026-04-10 16:07:23</subfield>
    <subfield code="w">2026-04-10</subfield>
    <subfield code="y">RN</subfield>
  </datafield>
  <datafield tag="952" ind1=" " ind2=" ">
    <subfield code="0">0</subfield>
    <subfield code="1">0</subfield>
    <subfield code="4">0</subfield>
    <subfield code="7">0</subfield>
    <subfield code="a">BCEJYS</subfield>
    <subfield code="b">BCEJYS</subfield>
    <subfield code="c">13</subfield>
    <subfield code="d">1992-12-01</subfield>
    <subfield code="h">A&#xF1;o 14, N&#xBA; 144 - dic. 1992</subfield>
    <subfield code="l">0</subfield>
    <subfield code="o">H330 NOV 144</subfield>
    <subfield code="p">R20820</subfield>
    <subfield code="r">2026-04-10 16:07:23</subfield>
    <subfield code="w">2026-04-10</subfield>
    <subfield code="y">RN</subfield>
  </datafield>
  <datafield tag="952" ind1=" " ind2=" ">
    <subfield code="0">0</subfield>
    <subfield code="1">0</subfield>
    <subfield code="4">0</subfield>
    <subfield code="7">0</subfield>
    <subfield code="a">BCEJYS</subfield>
    <subfield code="b">BCEJYS</subfield>
    <subfield code="c">13</subfield>
    <subfield code="d">1992-11-01</subfield>
    <subfield code="h">A&#xF1;o 14, N&#xBA; 143 - nov. 1992</subfield>
    <subfield code="l">0</subfield>
    <subfield code="o">H330 NOV 143</subfield>
    <subfield code="p">R20819</subfield>
    <subfield code="r">2026-04-10 16:07:23</subfield>
    <subfield code="w">2026-04-10</subfield>
    <subfield code="y">RN</subfield>
  </datafield>
  <datafield tag="952" ind1=" " ind2=" ">
    <subfield code="0">0</subfield>
    <subfield code="1">0</subfield>
    <subfield code="4">0</subfield>
    <subfield code="7">0</subfield>
    <subfield code="a">BCEJYS</subfield>
    <subfield code="b">BCEJYS</subfield>
    <subfield code="c">17</subfield>
    <subfield code="d">1992-10-01</subfield>
    <subfield code="h">A&#xF1;o 14, N&#xBA; 142 - oct. 1992</subfield>
    <subfield code="l">0</subfield>
    <subfield code="o">H330 NOV 142</subfield>
    <subfield code="p">R06751</subfield>
    <subfield code="r">2026-04-10 16:07:23</subfield>
    <subfield code="w">2026-04-10</subfield>
    <subfield code="y">RN</subfield>
  </datafield>
  <datafield tag="952" ind1=" " ind2=" ">
    <subfield code="0">0</subfield>
    <subfield code="1">0</subfield>
    <subfield code="4">0</subfield>
    <subfield code="7">0</subfield>
    <subfield code="a">BCEJYS</subfield>
    <subfield code="b">BCEJYS</subfield>
    <subfield code="c">13</subfield>
    <subfield code="d">1992-09-01</subfield>
    <subfield code="h">A&#xF1;o 14, N&#xBA; 141 - sep. 1992</subfield>
    <subfield code="l">0</subfield>
    <subfield code="o">H330 NOV 141</subfield>
    <subfield code="p">R20818</subfield>
    <subfield code="r">2026-04-10 16:07:23</subfield>
    <subfield code="w">2026-04-10</subfield>
    <subfield code="y">RN</subfield>
  </datafield>
  <datafield tag="952" ind1=" " ind2=" ">
    <subfield code="0">0</subfield>
    <subfield code="1">0</subfield>
    <subfield code="4">0</subfield>
    <subfield code="7">0</subfield>
    <subfield code="a">BCEJYS</subfield>
    <subfield code="b">BCEJYS</subfield>
    <subfield code="c">17</subfield>
    <subfield code="d">1992-08-01</subfield>
    <subfield code="h">A&#xF1;o 14, N&#xBA; 140 - ago. 1992</subfield>
    <subfield code="l">0</subfield>
    <subfield code="o">H330 NOV 140</subfield>
    <subfield code="p">R06750</subfield>
    <subfield code="r">2026-04-10 16:07:23</subfield>
    <subfield code="w">2026-04-10</subfield>
    <subfield code="y">RN</subfield>
  </datafield>
  <datafield tag="952" ind1=" " ind2=" ">
    <subfield code="0">0</subfield>
    <subfield code="1">0</subfield>
    <subfield code="4">0</subfield>
    <subfield code="7">0</subfield>
    <subfield code="a">BCEJYS</subfield>
    <subfield code="b">BCEJYS</subfield>
    <subfield code="c">13</subfield>
    <subfield code="d">1992-07-01</subfield>
    <subfield code="h">A&#xF1;o 14, N&#xBA; 139 - jul. 1992</subfield>
    <subfield code="l">0</subfield>
    <subfield code="o">H330 NOV 139</subfield>
    <subfield code="p">R20817</subfield>
    <subfield code="r">2026-04-10 16:07:23</subfield>
    <subfield code="w">2026-04-10</subfield>
    <subfield code="y">RN</subfield>
  </datafield>
  <datafield tag="952" ind1=" " ind2=" ">
    <subfield code="0">0</subfield>
    <subfield code="1">0</subfield>
    <subfield code="4">0</subfield>
    <subfield code="7">0</subfield>
    <subfield code="a">BCEJYS</subfield>
    <subfield code="b">BCEJYS</subfield>
    <subfield code="c">13</subfield>
    <subfield code="d">1992-06-01</subfield>
    <subfield code="h">A&#xF1;o 14, N&#xBA; 138 - jun. 1992</subfield>
    <subfield code="l">0</subfield>
    <subfield code="o">H330 NOV 138</subfield>
    <subfield code="p">R20816</subfield>
    <subfield code="r">2026-04-10 16:07:23</subfield>
    <subfield code="w">2026-04-10</subfield>
    <subfield code="y">RN</subfield>
  </datafield>
  <datafield tag="952" ind1=" " ind2=" ">
    <subfield code="0">0</subfield>
    <subfield code="1">0</subfield>
    <subfield code="4">0</subfield>
    <subfield code="7">0</subfield>
    <subfield code="a">BCEJYS</subfield>
    <subfield code="b">BCEJYS</subfield>
    <subfield code="c">13</subfield>
    <subfield code="d">1992-05-01</subfield>
    <subfield code="h">A&#xF1;o 14, N&#xBA; 137 - mayo 1992</subfield>
    <subfield code="l">0</subfield>
    <subfield code="o">H330 NOV 137</subfield>
    <subfield code="p">R20815</subfield>
    <subfield code="r">2026-04-10 16:07:23</subfield>
    <subfield code="w">2026-04-10</subfield>
    <subfield code="y">RN</subfield>
  </datafield>
  <datafield tag="952" ind1=" " ind2=" ">
    <subfield code="0">0</subfield>
    <subfield code="1">0</subfield>
    <subfield code="4">0</subfield>
    <subfield code="7">0</subfield>
    <subfield code="a">BCEJYS</subfield>
    <subfield code="b">BCEJYS</subfield>
    <subfield code="c">17</subfield>
    <subfield code="d">1992-04-01</subfield>
    <subfield code="h">A&#xF1;o 14, N&#xBA; 136 - abr. 1992</subfield>
    <subfield code="l">0</subfield>
    <subfield code="o">H330 NOV 136</subfield>
    <subfield code="p">R06749</subfield>
    <subfield code="r">2026-04-10 16:07:23</subfield>
    <subfield code="w">2026-04-10</subfield>
    <subfield code="y">RN</subfield>
  </datafield>
  <datafield tag="952" ind1=" " ind2=" ">
    <subfield code="0">0</subfield>
    <subfield code="1">0</subfield>
    <subfield code="4">0</subfield>
    <subfield code="7">0</subfield>
    <subfield code="a">BCEJYS</subfield>
    <subfield code="b">BCEJYS</subfield>
    <subfield code="c">17</subfield>
    <subfield code="d">1992-03-01</subfield>
    <subfield code="h">A&#xF1;o 14, N&#xBA; 135 - mar. 1992</subfield>
    <subfield code="l">0</subfield>
    <subfield code="o">H330 NOV 135</subfield>
    <subfield code="p">R06748</subfield>
    <subfield code="r">2026-04-10 16:07:23</subfield>
    <subfield code="w">2026-04-10</subfield>
    <subfield code="y">RN</subfield>
  </datafield>
  <datafield tag="952" ind1=" " ind2=" ">
    <subfield code="0">0</subfield>
    <subfield code="1">0</subfield>
    <subfield code="4">0</subfield>
    <subfield code="7">0</subfield>
    <subfield code="a">BCEJYS</subfield>
    <subfield code="b">BCEJYS</subfield>
    <subfield code="c">17</subfield>
    <subfield code="d">1992-02-01</subfield>
    <subfield code="h">A&#xF1;o 14, N&#xBA; 134 - feb. 1992</subfield>
    <subfield code="l">0</subfield>
    <subfield code="o">H330 NOV 134</subfield>
    <subfield code="p">R06747</subfield>
    <subfield code="r">2026-04-10 16:07:23</subfield>
    <subfield code="w">2026-04-10</subfield>
    <subfield code="y">RN</subfield>
  </datafield>
  <datafield tag="952" ind1=" " ind2=" ">
    <subfield code="0">0</subfield>
    <subfield code="1">0</subfield>
    <subfield code="4">0</subfield>
    <subfield code="7">0</subfield>
    <subfield code="a">BCEJYS</subfield>
    <subfield code="b">BCEJYS</subfield>
    <subfield code="c">17</subfield>
    <subfield code="d">1992-01-01</subfield>
    <subfield code="h">A&#xF1;o 14, N&#xBA; 133 - ene.1992</subfield>
    <subfield code="l">0</subfield>
    <subfield code="o">H330 NOV 133</subfield>
    <subfield code="p">R06746</subfield>
    <subfield code="r">2026-04-10 16:07:23</subfield>
    <subfield code="w">2026-04-10</subfield>
    <subfield code="y">RN</subfield>
  </datafield>
  <datafield tag="952" ind1=" " ind2=" ">
    <subfield code="0">0</subfield>
    <subfield code="1">0</subfield>
    <subfield code="4">0</subfield>
    <subfield code="7">0</subfield>
    <subfield code="a">BCEJYS</subfield>
    <subfield code="b">BCEJYS</subfield>
    <subfield code="c">13</subfield>
    <subfield code="d">1991-12-01</subfield>
    <subfield code="h">A&#xF1;o 13, N&#xBA; 132 - dic. 1991</subfield>
    <subfield code="l">0</subfield>
    <subfield code="o">H330 NOV 132</subfield>
    <subfield code="p">R20814</subfield>
    <subfield code="r">2026-04-10 16:07:23</subfield>
    <subfield code="w">2026-04-10</subfield>
    <subfield code="y">RN</subfield>
  </datafield>
  <datafield tag="952" ind1=" " ind2=" ">
    <subfield code="0">0</subfield>
    <subfield code="1">0</subfield>
    <subfield code="4">0</subfield>
    <subfield code="7">0</subfield>
    <subfield code="a">BCEJYS</subfield>
    <subfield code="b">BCEJYS</subfield>
    <subfield code="c">13</subfield>
    <subfield code="d">1991-11-01</subfield>
    <subfield code="h">A&#xF1;o 13, N&#xBA; 131 - nov. 1991</subfield>
    <subfield code="l">0</subfield>
    <subfield code="o">H330 NOV 131</subfield>
    <subfield code="p">R20813</subfield>
    <subfield code="r">2026-04-10 16:07:24</subfield>
    <subfield code="w">2026-04-10</subfield>
    <subfield code="y">RN</subfield>
  </datafield>
  <datafield tag="952" ind1=" " ind2=" ">
    <subfield code="0">0</subfield>
    <subfield code="1">0</subfield>
    <subfield code="4">0</subfield>
    <subfield code="7">0</subfield>
    <subfield code="a">BCEJYS</subfield>
    <subfield code="b">BCEJYS</subfield>
    <subfield code="c">13</subfield>
    <subfield code="d">1991-10-01</subfield>
    <subfield code="h">A&#xF1;o 13, N&#xBA; 130 - oct. 1991</subfield>
    <subfield code="l">0</subfield>
    <subfield code="o">H330 NOV 130</subfield>
    <subfield code="p">R20812</subfield>
    <subfield code="r">2026-04-10 16:07:24</subfield>
    <subfield code="w">2026-04-10</subfield>
    <subfield code="y">RN</subfield>
  </datafield>
  <datafield tag="952" ind1=" " ind2=" ">
    <subfield code="0">0</subfield>
    <subfield code="1">0</subfield>
    <subfield code="4">0</subfield>
    <subfield code="7">0</subfield>
    <subfield code="a">BCEJYS</subfield>
    <subfield code="b">BCEJYS</subfield>
    <subfield code="c">13</subfield>
    <subfield code="d">1991-09-01</subfield>
    <subfield code="h">A&#xF1;o 13, N&#xBA; 129 - sep. 1991</subfield>
    <subfield code="l">0</subfield>
    <subfield code="o">H330 NOV 129</subfield>
    <subfield code="p">R20811</subfield>
    <subfield code="r">2026-04-10 16:07:24</subfield>
    <subfield code="w">2026-04-10</subfield>
    <subfield code="y">RN</subfield>
  </datafield>
  <datafield tag="952" ind1=" " ind2=" ">
    <subfield code="0">0</subfield>
    <subfield code="1">0</subfield>
    <subfield code="4">0</subfield>
    <subfield code="7">0</subfield>
    <subfield code="a">BCEJYS</subfield>
    <subfield code="b">BCEJYS</subfield>
    <subfield code="c">17</subfield>
    <subfield code="d">1991-08-01</subfield>
    <subfield code="h">A&#xF1;o 13, N&#xBA; 128 - ago. 1991</subfield>
    <subfield code="l">0</subfield>
    <subfield code="o">H330 NOV 128</subfield>
    <subfield code="p">R06745</subfield>
    <subfield code="r">2026-04-10 16:07:24</subfield>
    <subfield code="w">2026-04-10</subfield>
    <subfield code="y">RN</subfield>
  </datafield>
  <datafield tag="952" ind1=" " ind2=" ">
    <subfield code="0">0</subfield>
    <subfield code="1">0</subfield>
    <subfield code="4">0</subfield>
    <subfield code="7">0</subfield>
    <subfield code="a">BCEJYS</subfield>
    <subfield code="b">BCEJYS</subfield>
    <subfield code="c">13</subfield>
    <subfield code="d">1991-07-01</subfield>
    <subfield code="h">A&#xF1;o 13, N&#xBA; 127 - jul. 1991</subfield>
    <subfield code="l">0</subfield>
    <subfield code="o">H330 NOV 127</subfield>
    <subfield code="p">R20810</subfield>
    <subfield code="r">2026-04-10 16:07:24</subfield>
    <subfield code="w">2026-04-10</subfield>
    <subfield code="y">RN</subfield>
  </datafield>
  <datafield tag="952" ind1=" " ind2=" ">
    <subfield code="0">0</subfield>
    <subfield code="1">0</subfield>
    <subfield code="4">0</subfield>
    <subfield code="7">0</subfield>
    <subfield code="a">BCEJYS</subfield>
    <subfield code="b">BCEJYS</subfield>
    <subfield code="c">17</subfield>
    <subfield code="d">1991-06-01</subfield>
    <subfield code="h">A&#xF1;o 13, N&#xBA; 126 - jun. 1991</subfield>
    <subfield code="l">0</subfield>
    <subfield code="o">H330 NOV 126</subfield>
    <subfield code="p">R06744</subfield>
    <subfield code="r">2026-04-10 16:07:24</subfield>
    <subfield code="w">2026-04-10</subfield>
    <subfield code="y">RN</subfield>
  </datafield>
  <datafield tag="952" ind1=" " ind2=" ">
    <subfield code="0">0</subfield>
    <subfield code="1">0</subfield>
    <subfield code="4">0</subfield>
    <subfield code="7">0</subfield>
    <subfield code="a">BCEJYS</subfield>
    <subfield code="b">BCEJYS</subfield>
    <subfield code="c">17</subfield>
    <subfield code="d">1991-05-01</subfield>
    <subfield code="h">A&#xF1;o 13, N&#xBA; 125 - mayo 1991</subfield>
    <subfield code="l">0</subfield>
    <subfield code="o">H330 NOV 125</subfield>
    <subfield code="p">R06743</subfield>
    <subfield code="r">2026-04-10 16:07:24</subfield>
    <subfield code="w">2026-04-10</subfield>
    <subfield code="y">RN</subfield>
  </datafield>
  <datafield tag="952" ind1=" " ind2=" ">
    <subfield code="0">0</subfield>
    <subfield code="1">0</subfield>
    <subfield code="4">0</subfield>
    <subfield code="7">0</subfield>
    <subfield code="a">BCEJYS</subfield>
    <subfield code="b">BCEJYS</subfield>
    <subfield code="c">17</subfield>
    <subfield code="d">1991-04-01</subfield>
    <subfield code="h">A&#xF1;o 13, N&#xBA; 124 - abr. 1991</subfield>
    <subfield code="l">0</subfield>
    <subfield code="o">H330 NOV 124</subfield>
    <subfield code="p">R06742</subfield>
    <subfield code="r">2026-04-10 16:07:24</subfield>
    <subfield code="w">2026-04-10</subfield>
    <subfield code="y">RN</subfield>
  </datafield>
  <datafield tag="952" ind1=" " ind2=" ">
    <subfield code="0">0</subfield>
    <subfield code="1">0</subfield>
    <subfield code="4">0</subfield>
    <subfield code="7">0</subfield>
    <subfield code="a">BCEJYS</subfield>
    <subfield code="b">BCEJYS</subfield>
    <subfield code="c">17</subfield>
    <subfield code="d">1991-03-01</subfield>
    <subfield code="h">A&#xF1;o 13, N&#xBA; 123 - mar. 1991</subfield>
    <subfield code="l">0</subfield>
    <subfield code="o">H330 NOV 123</subfield>
    <subfield code="p">R06741</subfield>
    <subfield code="r">2026-04-10 16:07:24</subfield>
    <subfield code="w">2026-04-10</subfield>
    <subfield code="y">RN</subfield>
  </datafield>
  <datafield tag="952" ind1=" " ind2=" ">
    <subfield code="0">0</subfield>
    <subfield code="1">0</subfield>
    <subfield code="4">0</subfield>
    <subfield code="7">0</subfield>
    <subfield code="a">BCEJYS</subfield>
    <subfield code="b">BCEJYS</subfield>
    <subfield code="c">17</subfield>
    <subfield code="d">1991-02-01</subfield>
    <subfield code="h">A&#xF1;o 13, N&#xBA; 122 - feb. 1991</subfield>
    <subfield code="l">0</subfield>
    <subfield code="o">H330 NOV 122</subfield>
    <subfield code="p">R06740</subfield>
    <subfield code="r">2026-04-10 16:07:24</subfield>
    <subfield code="w">2026-04-10</subfield>
    <subfield code="y">RN</subfield>
  </datafield>
  <datafield tag="952" ind1=" " ind2=" ">
    <subfield code="0">0</subfield>
    <subfield code="1">0</subfield>
    <subfield code="4">0</subfield>
    <subfield code="7">0</subfield>
    <subfield code="a">BCEJYS</subfield>
    <subfield code="b">BCEJYS</subfield>
    <subfield code="c">17</subfield>
    <subfield code="d">1991-01-01</subfield>
    <subfield code="h">A&#xF1;o 13, N&#xBA; 121 - ene. 1991</subfield>
    <subfield code="l">0</subfield>
    <subfield code="o">H330 NOV 121</subfield>
    <subfield code="p">R06739</subfield>
    <subfield code="r">2026-04-10 16:07:24</subfield>
    <subfield code="w">2026-04-10</subfield>
    <subfield code="y">RN</subfield>
  </datafield>
  <datafield tag="952" ind1=" " ind2=" ">
    <subfield code="0">0</subfield>
    <subfield code="1">0</subfield>
    <subfield code="4">0</subfield>
    <subfield code="7">0</subfield>
    <subfield code="a">BCEJYS</subfield>
    <subfield code="b">BCEJYS</subfield>
    <subfield code="c">17</subfield>
    <subfield code="d">1990-12-01</subfield>
    <subfield code="h">A&#xF1;o 12, N&#xBA; 120 - dic. 1990</subfield>
    <subfield code="l">0</subfield>
    <subfield code="o">H330 NOV 120</subfield>
    <subfield code="p">R06738</subfield>
    <subfield code="r">2026-04-10 16:07:24</subfield>
    <subfield code="w">2026-04-10</subfield>
    <subfield code="y">RN</subfield>
  </datafield>
  <datafield tag="952" ind1=" " ind2=" ">
    <subfield code="0">0</subfield>
    <subfield code="1">0</subfield>
    <subfield code="4">0</subfield>
    <subfield code="7">0</subfield>
    <subfield code="a">BCEJYS</subfield>
    <subfield code="b">BCEJYS</subfield>
    <subfield code="c">17</subfield>
    <subfield code="d">1990-11-01</subfield>
    <subfield code="h">A&#xF1;o 12, N&#xBA; 119 - nov. 1990</subfield>
    <subfield code="l">0</subfield>
    <subfield code="o">H330 NOV 119</subfield>
    <subfield code="p">R06737</subfield>
    <subfield code="r">2026-04-10 16:07:24</subfield>
    <subfield code="w">2026-04-10</subfield>
    <subfield code="y">RN</subfield>
  </datafield>
  <datafield tag="952" ind1=" " ind2=" ">
    <subfield code="0">0</subfield>
    <subfield code="1">0</subfield>
    <subfield code="4">0</subfield>
    <subfield code="7">0</subfield>
    <subfield code="a">BCEJYS</subfield>
    <subfield code="b">BCEJYS</subfield>
    <subfield code="c">13</subfield>
    <subfield code="d">1990-10-01</subfield>
    <subfield code="h">A&#xF1;o 12, N&#xBA; 118 - oct. 1990</subfield>
    <subfield code="l">0</subfield>
    <subfield code="o">H330 NOV 118</subfield>
    <subfield code="p">R20809</subfield>
    <subfield code="r">2026-04-10 16:07:24</subfield>
    <subfield code="w">2026-04-10</subfield>
    <subfield code="y">RN</subfield>
  </datafield>
  <datafield tag="952" ind1=" " ind2=" ">
    <subfield code="0">0</subfield>
    <subfield code="1">0</subfield>
    <subfield code="4">0</subfield>
    <subfield code="7">0</subfield>
    <subfield code="a">BCEJYS</subfield>
    <subfield code="b">BCEJYS</subfield>
    <subfield code="c">17</subfield>
    <subfield code="d">1990-09-01</subfield>
    <subfield code="h">A&#xF1;o 12, N&#xBA; 117 - set. 1990</subfield>
    <subfield code="l">0</subfield>
    <subfield code="o">H330 NOV 117</subfield>
    <subfield code="p">R06736</subfield>
    <subfield code="r">2026-04-10 16:07:24</subfield>
    <subfield code="w">2026-04-10</subfield>
    <subfield code="y">RN</subfield>
  </datafield>
  <datafield tag="952" ind1=" " ind2=" ">
    <subfield code="0">0</subfield>
    <subfield code="1">0</subfield>
    <subfield code="4">0</subfield>
    <subfield code="7">0</subfield>
    <subfield code="a">BCEJYS</subfield>
    <subfield code="b">BCEJYS</subfield>
    <subfield code="c">13</subfield>
    <subfield code="d">1990-08-01</subfield>
    <subfield code="h">A&#xF1;o 12, N&#xBA; 116 - ago. 1990</subfield>
    <subfield code="l">0</subfield>
    <subfield code="o">H330 NOV 116</subfield>
    <subfield code="p">R20808</subfield>
    <subfield code="r">2026-04-10 16:07:24</subfield>
    <subfield code="w">2026-04-10</subfield>
    <subfield code="y">RN</subfield>
  </datafield>
  <datafield tag="952" ind1=" " ind2=" ">
    <subfield code="0">0</subfield>
    <subfield code="1">0</subfield>
    <subfield code="4">0</subfield>
    <subfield code="7">0</subfield>
    <subfield code="a">BCEJYS</subfield>
    <subfield code="b">BCEJYS</subfield>
    <subfield code="c">13</subfield>
    <subfield code="d">1990-07-01</subfield>
    <subfield code="h">A&#xF1;o 12, N&#xBA; 115 - jul. 1990</subfield>
    <subfield code="l">0</subfield>
    <subfield code="o">H330 NOV 115</subfield>
    <subfield code="p">R20807</subfield>
    <subfield code="r">2026-04-10 16:07:24</subfield>
    <subfield code="w">2026-04-10</subfield>
    <subfield code="y">RN</subfield>
  </datafield>
  <datafield tag="952" ind1=" " ind2=" ">
    <subfield code="0">0</subfield>
    <subfield code="1">0</subfield>
    <subfield code="4">0</subfield>
    <subfield code="7">0</subfield>
    <subfield code="a">BCEJYS</subfield>
    <subfield code="b">BCEJYS</subfield>
    <subfield code="c">17</subfield>
    <subfield code="d">1990-06-01</subfield>
    <subfield code="h">A&#xF1;o 12, N&#xBA; 114 - jun. 1990</subfield>
    <subfield code="l">0</subfield>
    <subfield code="o">H330 NOV 114</subfield>
    <subfield code="p">R06735</subfield>
    <subfield code="r">2026-04-10 16:07:24</subfield>
    <subfield code="w">2026-04-10</subfield>
    <subfield code="y">RN</subfield>
  </datafield>
  <datafield tag="952" ind1=" " ind2=" ">
    <subfield code="0">0</subfield>
    <subfield code="1">0</subfield>
    <subfield code="4">0</subfield>
    <subfield code="7">0</subfield>
    <subfield code="a">BCEJYS</subfield>
    <subfield code="b">BCEJYS</subfield>
    <subfield code="c">13</subfield>
    <subfield code="d">1990-05-01</subfield>
    <subfield code="h">A&#xF1;o 12, N&#xBA; 113 - mayo 1990</subfield>
    <subfield code="l">0</subfield>
    <subfield code="o">H330 NOV 113</subfield>
    <subfield code="p">R20806</subfield>
    <subfield code="r">2026-04-10 16:07:24</subfield>
    <subfield code="w">2026-04-10</subfield>
    <subfield code="y">RN</subfield>
  </datafield>
  <datafield tag="952" ind1=" " ind2=" ">
    <subfield code="0">0</subfield>
    <subfield code="1">0</subfield>
    <subfield code="4">0</subfield>
    <subfield code="7">0</subfield>
    <subfield code="a">BCEJYS</subfield>
    <subfield code="b">BCEJYS</subfield>
    <subfield code="c">17</subfield>
    <subfield code="d">1990-04-01</subfield>
    <subfield code="h">A&#xF1;o 12, N&#xBA; 112 - abr. 1990</subfield>
    <subfield code="l">0</subfield>
    <subfield code="o">H330 NOV 112</subfield>
    <subfield code="p">R06734</subfield>
    <subfield code="r">2026-04-10 16:07:24</subfield>
    <subfield code="w">2026-04-10</subfield>
    <subfield code="y">RN</subfield>
  </datafield>
  <datafield tag="952" ind1=" " ind2=" ">
    <subfield code="0">0</subfield>
    <subfield code="1">0</subfield>
    <subfield code="4">0</subfield>
    <subfield code="7">0</subfield>
    <subfield code="a">BCEJYS</subfield>
    <subfield code="b">BCEJYS</subfield>
    <subfield code="c">17</subfield>
    <subfield code="d">1990-03-01</subfield>
    <subfield code="h">A&#xF1;o 12, N&#xBA; 111 - mar. 1990</subfield>
    <subfield code="l">0</subfield>
    <subfield code="o">H330 NOV 111</subfield>
    <subfield code="p">R06733</subfield>
    <subfield code="r">2026-04-10 16:07:24</subfield>
    <subfield code="w">2026-04-10</subfield>
    <subfield code="y">RN</subfield>
  </datafield>
  <datafield tag="952" ind1=" " ind2=" ">
    <subfield code="0">0</subfield>
    <subfield code="1">0</subfield>
    <subfield code="4">0</subfield>
    <subfield code="7">0</subfield>
    <subfield code="a">BCEJYS</subfield>
    <subfield code="b">BCEJYS</subfield>
    <subfield code="c">17</subfield>
    <subfield code="d">1990-02-01</subfield>
    <subfield code="h">A&#xF1;o 12, N&#xBA; 110 - feb. 1990</subfield>
    <subfield code="l">0</subfield>
    <subfield code="o">H330 NOV 110</subfield>
    <subfield code="p">R06732</subfield>
    <subfield code="r">2026-04-10 16:07:24</subfield>
    <subfield code="w">2026-04-10</subfield>
    <subfield code="y">RN</subfield>
  </datafield>
  <datafield tag="952" ind1=" " ind2=" ">
    <subfield code="0">0</subfield>
    <subfield code="1">0</subfield>
    <subfield code="4">0</subfield>
    <subfield code="7">0</subfield>
    <subfield code="a">BCEJYS</subfield>
    <subfield code="b">BCEJYS</subfield>
    <subfield code="c">17</subfield>
    <subfield code="d">1990-01-01</subfield>
    <subfield code="h">A&#xF1;o 11, N&#xBA; 109 - ene. 1990</subfield>
    <subfield code="l">0</subfield>
    <subfield code="o">H330 NOV 109</subfield>
    <subfield code="p">R06731</subfield>
    <subfield code="r">2026-04-10 16:07:24</subfield>
    <subfield code="w">2026-04-10</subfield>
    <subfield code="y">RN</subfield>
  </datafield>
  <datafield tag="952" ind1=" " ind2=" ">
    <subfield code="0">0</subfield>
    <subfield code="1">0</subfield>
    <subfield code="4">0</subfield>
    <subfield code="7">0</subfield>
    <subfield code="a">BCEJYS</subfield>
    <subfield code="b">BCEJYS</subfield>
    <subfield code="c">17</subfield>
    <subfield code="d">1989-12-01</subfield>
    <subfield code="h">A&#xF1;o 11, N&#xBA; 108 - dic. 1989</subfield>
    <subfield code="l">0</subfield>
    <subfield code="o">H330 NOV 108</subfield>
    <subfield code="p">R06730</subfield>
    <subfield code="r">2026-04-10 16:07:24</subfield>
    <subfield code="w">2026-04-10</subfield>
    <subfield code="y">RN</subfield>
  </datafield>
  <datafield tag="952" ind1=" " ind2=" ">
    <subfield code="0">0</subfield>
    <subfield code="1">0</subfield>
    <subfield code="4">0</subfield>
    <subfield code="7">0</subfield>
    <subfield code="a">BCEJYS</subfield>
    <subfield code="b">BCEJYS</subfield>
    <subfield code="c">17</subfield>
    <subfield code="d">1989-11-01</subfield>
    <subfield code="h">A&#xF1;o 11, N&#xBA; 107 - nov. 1989</subfield>
    <subfield code="l">0</subfield>
    <subfield code="o">H330 NOV 107</subfield>
    <subfield code="p">R06729</subfield>
    <subfield code="r">2026-04-10 16:07:24</subfield>
    <subfield code="w">2026-04-10</subfield>
    <subfield code="y">RN</subfield>
  </datafield>
  <datafield tag="952" ind1=" " ind2=" ">
    <subfield code="0">0</subfield>
    <subfield code="1">0</subfield>
    <subfield code="4">0</subfield>
    <subfield code="7">0</subfield>
    <subfield code="a">BCEJYS</subfield>
    <subfield code="b">BCEJYS</subfield>
    <subfield code="c">17</subfield>
    <subfield code="d">1989-10-01</subfield>
    <subfield code="h">A&#xF1;o 11, N&#xBA; 106 - oct. 1989</subfield>
    <subfield code="l">0</subfield>
    <subfield code="o">H330 NOV 106</subfield>
    <subfield code="p">R06728</subfield>
    <subfield code="r">2026-04-10 16:07:24</subfield>
    <subfield code="w">2026-04-10</subfield>
    <subfield code="y">RN</subfield>
  </datafield>
  <datafield tag="952" ind1=" " ind2=" ">
    <subfield code="0">0</subfield>
    <subfield code="1">0</subfield>
    <subfield code="4">0</subfield>
    <subfield code="7">0</subfield>
    <subfield code="a">BCEJYS</subfield>
    <subfield code="b">BCEJYS</subfield>
    <subfield code="c">17</subfield>
    <subfield code="d">1989-09-01</subfield>
    <subfield code="h">A&#xF1;o 11, N&#xBA; 105 - set. 1989</subfield>
    <subfield code="l">0</subfield>
    <subfield code="o">H330 NOV 105</subfield>
    <subfield code="p">R06727</subfield>
    <subfield code="r">2026-04-10 16:07:24</subfield>
    <subfield code="w">2026-04-10</subfield>
    <subfield code="y">RN</subfield>
  </datafield>
  <datafield tag="952" ind1=" " ind2=" ">
    <subfield code="0">0</subfield>
    <subfield code="1">0</subfield>
    <subfield code="4">0</subfield>
    <subfield code="7">0</subfield>
    <subfield code="a">BCEJYS</subfield>
    <subfield code="b">BCEJYS</subfield>
    <subfield code="c">17</subfield>
    <subfield code="d">1989-08-01</subfield>
    <subfield code="h">A&#xF1;o 11, N&#xBA; 104 - ago. 1989</subfield>
    <subfield code="l">0</subfield>
    <subfield code="o">H330 NOV 104</subfield>
    <subfield code="p">R06726</subfield>
    <subfield code="r">2026-04-10 16:07:24</subfield>
    <subfield code="w">2026-04-10</subfield>
    <subfield code="y">RN</subfield>
  </datafield>
  <datafield tag="952" ind1=" " ind2=" ">
    <subfield code="0">0</subfield>
    <subfield code="1">0</subfield>
    <subfield code="4">0</subfield>
    <subfield code="7">0</subfield>
    <subfield code="a">BCEJYS</subfield>
    <subfield code="b">BCEJYS</subfield>
    <subfield code="c">17</subfield>
    <subfield code="d">1989-07-01</subfield>
    <subfield code="h">A&#xF1;o 11, N&#xBA; 103 - jul. 1989</subfield>
    <subfield code="l">0</subfield>
    <subfield code="o">H330 NOV 103</subfield>
    <subfield code="p">R06725</subfield>
    <subfield code="r">2026-04-10 16:07:24</subfield>
    <subfield code="w">2026-04-10</subfield>
    <subfield code="y">RN</subfield>
  </datafield>
  <datafield tag="952" ind1=" " ind2=" ">
    <subfield code="0">0</subfield>
    <subfield code="1">0</subfield>
    <subfield code="4">0</subfield>
    <subfield code="7">0</subfield>
    <subfield code="a">BCEJYS</subfield>
    <subfield code="b">BCEJYS</subfield>
    <subfield code="c">17</subfield>
    <subfield code="d">1989-06-01</subfield>
    <subfield code="h">A&#xF1;o 11, N&#xBA; 102 - jun. 1989</subfield>
    <subfield code="l">0</subfield>
    <subfield code="o">H330 NOV 102</subfield>
    <subfield code="p">R06724</subfield>
    <subfield code="r">2026-04-10 16:07:24</subfield>
    <subfield code="w">2026-04-10</subfield>
    <subfield code="y">RN</subfield>
  </datafield>
  <datafield tag="952" ind1=" " ind2=" ">
    <subfield code="0">0</subfield>
    <subfield code="1">0</subfield>
    <subfield code="4">0</subfield>
    <subfield code="7">0</subfield>
    <subfield code="a">BCEJYS</subfield>
    <subfield code="b">BCEJYS</subfield>
    <subfield code="c">17</subfield>
    <subfield code="d">1989-05-01</subfield>
    <subfield code="h">A&#xF1;o 11, N&#xBA; 101 - may. 1989</subfield>
    <subfield code="l">0</subfield>
    <subfield code="o">H330 NOV 101</subfield>
    <subfield code="p">R06723</subfield>
    <subfield code="r">2026-04-10 16:07:24</subfield>
    <subfield code="w">2026-04-10</subfield>
    <subfield code="y">RN</subfield>
  </datafield>
  <datafield tag="952" ind1=" " ind2=" ">
    <subfield code="0">0</subfield>
    <subfield code="1">0</subfield>
    <subfield code="4">0</subfield>
    <subfield code="7">0</subfield>
    <subfield code="a">BCEJYS</subfield>
    <subfield code="b">BCEJYS</subfield>
    <subfield code="c">17</subfield>
    <subfield code="d">1989-04-01</subfield>
    <subfield code="h">A&#xF1;o 11, N&#xBA; 100 - abr. 1989</subfield>
    <subfield code="l">0</subfield>
    <subfield code="o">H330 NOV 100</subfield>
    <subfield code="p">R06722</subfield>
    <subfield code="r">2026-04-10 16:07:24</subfield>
    <subfield code="w">2026-04-10</subfield>
    <subfield code="y">RN</subfield>
  </datafield>
  <datafield tag="952" ind1=" " ind2=" ">
    <subfield code="0">0</subfield>
    <subfield code="1">0</subfield>
    <subfield code="4">0</subfield>
    <subfield code="7">0</subfield>
    <subfield code="a">BCEJYS</subfield>
    <subfield code="b">BCEJYS</subfield>
    <subfield code="c">17</subfield>
    <subfield code="d">1989-03-01</subfield>
    <subfield code="h">A&#xF1;o 11, N&#xBA; 99 - mar. 1989</subfield>
    <subfield code="l">0</subfield>
    <subfield code="o">H330 NOV 99</subfield>
    <subfield code="p">R06721</subfield>
    <subfield code="r">2026-04-10 16:07:24</subfield>
    <subfield code="w">2026-04-10</subfield>
    <subfield code="y">RN</subfield>
  </datafield>
  <datafield tag="952" ind1=" " ind2=" ">
    <subfield code="0">0</subfield>
    <subfield code="1">0</subfield>
    <subfield code="4">0</subfield>
    <subfield code="7">0</subfield>
    <subfield code="a">BCEJYS</subfield>
    <subfield code="b">BCEJYS</subfield>
    <subfield code="c">17</subfield>
    <subfield code="d">1989-02-01</subfield>
    <subfield code="h">A&#xF1;o 11, N&#xBA; 98 - feb. 1989</subfield>
    <subfield code="l">0</subfield>
    <subfield code="o">H330 NOV 98</subfield>
    <subfield code="p">R06720</subfield>
    <subfield code="r">2026-04-10 16:07:24</subfield>
    <subfield code="w">2026-04-10</subfield>
    <subfield code="y">RN</subfield>
  </datafield>
  <datafield tag="952" ind1=" " ind2=" ">
    <subfield code="0">0</subfield>
    <subfield code="1">0</subfield>
    <subfield code="4">0</subfield>
    <subfield code="7">0</subfield>
    <subfield code="a">BCEJYS</subfield>
    <subfield code="b">BCEJYS</subfield>
    <subfield code="c">17</subfield>
    <subfield code="d">1989-01-01</subfield>
    <subfield code="h">A&#xF1;o 10, N&#xBA; 97 - ene. 1989</subfield>
    <subfield code="l">0</subfield>
    <subfield code="o">H330 NOV 97</subfield>
    <subfield code="p">R06719</subfield>
    <subfield code="r">2026-04-10 16:07:24</subfield>
    <subfield code="w">2026-04-10</subfield>
    <subfield code="y">RN</subfield>
  </datafield>
  <datafield tag="952" ind1=" " ind2=" ">
    <subfield code="0">0</subfield>
    <subfield code="1">0</subfield>
    <subfield code="4">0</subfield>
    <subfield code="7">0</subfield>
    <subfield code="a">BCEJYS</subfield>
    <subfield code="b">BCEJYS</subfield>
    <subfield code="c">17</subfield>
    <subfield code="d">1988-12-01</subfield>
    <subfield code="h">A&#xF1;o 10, N&#xBA; 96 - dic. 1988</subfield>
    <subfield code="l">0</subfield>
    <subfield code="o">H330 NOV 96</subfield>
    <subfield code="p">R06718</subfield>
    <subfield code="r">2026-04-10 16:07:24</subfield>
    <subfield code="w">2026-04-10</subfield>
    <subfield code="y">RN</subfield>
  </datafield>
  <datafield tag="952" ind1=" " ind2=" ">
    <subfield code="0">0</subfield>
    <subfield code="1">0</subfield>
    <subfield code="4">0</subfield>
    <subfield code="7">0</subfield>
    <subfield code="a">BCEJYS</subfield>
    <subfield code="b">BCEJYS</subfield>
    <subfield code="c">17</subfield>
    <subfield code="d">1988-11-01</subfield>
    <subfield code="h">A&#xF1;o 10, N&#xBA; 95 - nov. 1988</subfield>
    <subfield code="l">0</subfield>
    <subfield code="o">H330 NOV 95</subfield>
    <subfield code="p">R06717</subfield>
    <subfield code="r">2026-04-10 16:07:24</subfield>
    <subfield code="w">2026-04-10</subfield>
    <subfield code="y">RN</subfield>
  </datafield>
  <datafield tag="952" ind1=" " ind2=" ">
    <subfield code="0">0</subfield>
    <subfield code="1">0</subfield>
    <subfield code="4">0</subfield>
    <subfield code="7">0</subfield>
    <subfield code="a">BCEJYS</subfield>
    <subfield code="b">BCEJYS</subfield>
    <subfield code="c">17</subfield>
    <subfield code="d">1988-10-01</subfield>
    <subfield code="h">A&#xF1;o 10, N&#xBA; 94 - oct. 1988</subfield>
    <subfield code="l">0</subfield>
    <subfield code="o">H330 NOV 94</subfield>
    <subfield code="p">R06716</subfield>
    <subfield code="r">2026-04-10 16:07:24</subfield>
    <subfield code="w">2026-04-10</subfield>
    <subfield code="y">RN</subfield>
  </datafield>
  <datafield tag="952" ind1=" " ind2=" ">
    <subfield code="0">0</subfield>
    <subfield code="1">0</subfield>
    <subfield code="4">0</subfield>
    <subfield code="7">0</subfield>
    <subfield code="a">BCEJYS</subfield>
    <subfield code="b">BCEJYS</subfield>
    <subfield code="c">17</subfield>
    <subfield code="d">1988-09-01</subfield>
    <subfield code="h">A&#xF1;o 10, N&#xBA; 93 - set. 1988</subfield>
    <subfield code="l">0</subfield>
    <subfield code="o">H330 NOV 93</subfield>
    <subfield code="p">R06715</subfield>
    <subfield code="r">2026-04-10 16:07:24</subfield>
    <subfield code="w">2026-04-10</subfield>
    <subfield code="y">RN</subfield>
  </datafield>
  <datafield tag="952" ind1=" " ind2=" ">
    <subfield code="0">0</subfield>
    <subfield code="1">0</subfield>
    <subfield code="4">0</subfield>
    <subfield code="7">0</subfield>
    <subfield code="a">BCEJYS</subfield>
    <subfield code="b">BCEJYS</subfield>
    <subfield code="c">17</subfield>
    <subfield code="d">1988-08-01</subfield>
    <subfield code="h">A&#xF1;o 10, N&#xBA; 92 - ago. 1988</subfield>
    <subfield code="l">0</subfield>
    <subfield code="o">H330 NOV 92</subfield>
    <subfield code="p">R06714</subfield>
    <subfield code="r">2026-04-10 16:07:24</subfield>
    <subfield code="w">2026-04-10</subfield>
    <subfield code="y">RN</subfield>
  </datafield>
  <datafield tag="952" ind1=" " ind2=" ">
    <subfield code="0">0</subfield>
    <subfield code="1">0</subfield>
    <subfield code="4">0</subfield>
    <subfield code="7">0</subfield>
    <subfield code="a">BCEJYS</subfield>
    <subfield code="b">BCEJYS</subfield>
    <subfield code="c">17</subfield>
    <subfield code="d">1988-07-01</subfield>
    <subfield code="h">A&#xF1;o 10, N&#xBA; 91 - jul. 1988</subfield>
    <subfield code="l">0</subfield>
    <subfield code="o">H330 NOV 91</subfield>
    <subfield code="p">R06713</subfield>
    <subfield code="r">2026-04-10 16:07:24</subfield>
    <subfield code="w">2026-04-10</subfield>
    <subfield code="y">RN</subfield>
  </datafield>
  <datafield tag="952" ind1=" " ind2=" ">
    <subfield code="0">0</subfield>
    <subfield code="1">0</subfield>
    <subfield code="4">0</subfield>
    <subfield code="7">0</subfield>
    <subfield code="a">BCEJYS</subfield>
    <subfield code="b">BCEJYS</subfield>
    <subfield code="c">17</subfield>
    <subfield code="d">1988-06-01</subfield>
    <subfield code="h">A&#xF1;o 10, N&#xBA; 90 - jun. 1988</subfield>
    <subfield code="l">0</subfield>
    <subfield code="o">H330 NOV 90</subfield>
    <subfield code="p">R06712</subfield>
    <subfield code="r">2026-04-10 16:07:24</subfield>
    <subfield code="w">2026-04-10</subfield>
    <subfield code="y">RN</subfield>
  </datafield>
  <datafield tag="952" ind1=" " ind2=" ">
    <subfield code="0">0</subfield>
    <subfield code="1">0</subfield>
    <subfield code="4">0</subfield>
    <subfield code="7">0</subfield>
    <subfield code="a">BCEJYS</subfield>
    <subfield code="b">BCEJYS</subfield>
    <subfield code="c">17</subfield>
    <subfield code="d">1988-05-01</subfield>
    <subfield code="h">A&#xF1;o 10, N&#xBA; 89 - may. 1988</subfield>
    <subfield code="l">0</subfield>
    <subfield code="o">H330 NOV 89</subfield>
    <subfield code="p">R06711</subfield>
    <subfield code="r">2026-04-10 16:07:24</subfield>
    <subfield code="w">2026-04-10</subfield>
    <subfield code="y">RN</subfield>
  </datafield>
  <datafield tag="952" ind1=" " ind2=" ">
    <subfield code="0">0</subfield>
    <subfield code="1">0</subfield>
    <subfield code="4">0</subfield>
    <subfield code="7">0</subfield>
    <subfield code="a">BCEJYS</subfield>
    <subfield code="b">BCEJYS</subfield>
    <subfield code="c">17</subfield>
    <subfield code="d">1988-04-01</subfield>
    <subfield code="h">A&#xF1;o 10, N&#xBA; 88 - abr. 1988</subfield>
    <subfield code="l">0</subfield>
    <subfield code="o">H330 NOV 88</subfield>
    <subfield code="p">R06710</subfield>
    <subfield code="r">2026-04-10 16:07:24</subfield>
    <subfield code="w">2026-04-10</subfield>
    <subfield code="y">RN</subfield>
  </datafield>
  <datafield tag="952" ind1=" " ind2=" ">
    <subfield code="0">0</subfield>
    <subfield code="1">0</subfield>
    <subfield code="4">0</subfield>
    <subfield code="7">0</subfield>
    <subfield code="a">BCEJYS</subfield>
    <subfield code="b">BCEJYS</subfield>
    <subfield code="c">17</subfield>
    <subfield code="d">1988-03-01</subfield>
    <subfield code="h">A&#xF1;o 10, N&#xBA; 87 - mar. 1988</subfield>
    <subfield code="l">0</subfield>
    <subfield code="o">H330 NOV 87</subfield>
    <subfield code="p">R06709</subfield>
    <subfield code="r">2026-04-10 16:07:24</subfield>
    <subfield code="w">2026-04-10</subfield>
    <subfield code="y">RN</subfield>
  </datafield>
  <datafield tag="952" ind1=" " ind2=" ">
    <subfield code="0">0</subfield>
    <subfield code="1">0</subfield>
    <subfield code="4">0</subfield>
    <subfield code="7">0</subfield>
    <subfield code="a">BCEJYS</subfield>
    <subfield code="b">BCEJYS</subfield>
    <subfield code="c">17</subfield>
    <subfield code="d">1988-02-01</subfield>
    <subfield code="h">A&#xF1;o 10, N&#xBA; 86 - feb. 1988</subfield>
    <subfield code="l">0</subfield>
    <subfield code="o">H330 NOV 86</subfield>
    <subfield code="p">R06708</subfield>
    <subfield code="r">2026-04-10 16:07:24</subfield>
    <subfield code="w">2026-04-10</subfield>
    <subfield code="y">RN</subfield>
  </datafield>
  <datafield tag="952" ind1=" " ind2=" ">
    <subfield code="0">0</subfield>
    <subfield code="1">0</subfield>
    <subfield code="4">0</subfield>
    <subfield code="7">0</subfield>
    <subfield code="a">BCEJYS</subfield>
    <subfield code="b">BCEJYS</subfield>
    <subfield code="c">17</subfield>
    <subfield code="d">1988-01-01</subfield>
    <subfield code="h">A&#xF1;o 10, N&#xBA; 85 - ene. 1988</subfield>
    <subfield code="l">0</subfield>
    <subfield code="o">H330 NOV 85</subfield>
    <subfield code="p">R06707</subfield>
    <subfield code="r">2026-04-10 16:07:24</subfield>
    <subfield code="w">2026-04-10</subfield>
    <subfield code="y">RN</subfield>
  </datafield>
  <datafield tag="952" ind1=" " ind2=" ">
    <subfield code="0">0</subfield>
    <subfield code="1">0</subfield>
    <subfield code="4">0</subfield>
    <subfield code="7">0</subfield>
    <subfield code="a">BCEJYS</subfield>
    <subfield code="b">BCEJYS</subfield>
    <subfield code="c">17</subfield>
    <subfield code="d">1987-12-01</subfield>
    <subfield code="h">A&#xF1;o 9, N&#xBA; 84 - dic. 1987</subfield>
    <subfield code="l">0</subfield>
    <subfield code="o">H330 NOV 84</subfield>
    <subfield code="p">R06706</subfield>
    <subfield code="r">2026-04-10 16:07:24</subfield>
    <subfield code="w">2026-04-10</subfield>
    <subfield code="y">RN</subfield>
  </datafield>
  <datafield tag="952" ind1=" " ind2=" ">
    <subfield code="0">0</subfield>
    <subfield code="1">0</subfield>
    <subfield code="4">0</subfield>
    <subfield code="7">0</subfield>
    <subfield code="a">BCEJYS</subfield>
    <subfield code="b">BCEJYS</subfield>
    <subfield code="c">17</subfield>
    <subfield code="d">1987-11-01</subfield>
    <subfield code="h">A&#xF1;o 9, N&#xBA; 83 - nov. 1987</subfield>
    <subfield code="l">0</subfield>
    <subfield code="o">H330 NOV 83</subfield>
    <subfield code="p">R06705</subfield>
    <subfield code="r">2026-04-10 16:07:24</subfield>
    <subfield code="w">2026-04-10</subfield>
    <subfield code="y">RN</subfield>
  </datafield>
  <datafield tag="952" ind1=" " ind2=" ">
    <subfield code="0">0</subfield>
    <subfield code="1">0</subfield>
    <subfield code="4">0</subfield>
    <subfield code="7">0</subfield>
    <subfield code="a">BCEJYS</subfield>
    <subfield code="b">BCEJYS</subfield>
    <subfield code="c">17</subfield>
    <subfield code="d">1987-10-01</subfield>
    <subfield code="h">A&#xF1;o 9, N&#xBA; 82 - oct. 1987</subfield>
    <subfield code="l">0</subfield>
    <subfield code="o">H330 NOV 82</subfield>
    <subfield code="p">R06704</subfield>
    <subfield code="r">2026-04-10 16:07:24</subfield>
    <subfield code="w">2026-04-10</subfield>
    <subfield code="y">RN</subfield>
  </datafield>
  <datafield tag="952" ind1=" " ind2=" ">
    <subfield code="0">0</subfield>
    <subfield code="1">0</subfield>
    <subfield code="4">0</subfield>
    <subfield code="7">0</subfield>
    <subfield code="a">BCEJYS</subfield>
    <subfield code="b">BCEJYS</subfield>
    <subfield code="c">17</subfield>
    <subfield code="d">1987-09-01</subfield>
    <subfield code="h">A&#xF1;o 9, N&#xBA; 81 - set. 1987</subfield>
    <subfield code="l">0</subfield>
    <subfield code="o">H330 NOV 81</subfield>
    <subfield code="p">R06703</subfield>
    <subfield code="r">2026-04-10 16:07:24</subfield>
    <subfield code="w">2026-04-10</subfield>
    <subfield code="y">RN</subfield>
  </datafield>
  <datafield tag="952" ind1=" " ind2=" ">
    <subfield code="0">0</subfield>
    <subfield code="1">0</subfield>
    <subfield code="4">0</subfield>
    <subfield code="7">0</subfield>
    <subfield code="a">BCEJYS</subfield>
    <subfield code="b">BCEJYS</subfield>
    <subfield code="c">17</subfield>
    <subfield code="d">1987-08-01</subfield>
    <subfield code="h">A&#xF1;o 9, N&#xBA; 80 - ago. 1987</subfield>
    <subfield code="l">0</subfield>
    <subfield code="o">H330 NOV 80</subfield>
    <subfield code="p">R06702</subfield>
    <subfield code="r">2026-04-10 16:07:24</subfield>
    <subfield code="w">2026-04-10</subfield>
    <subfield code="y">RN</subfield>
  </datafield>
  <datafield tag="952" ind1=" " ind2=" ">
    <subfield code="0">0</subfield>
    <subfield code="1">0</subfield>
    <subfield code="4">0</subfield>
    <subfield code="7">0</subfield>
    <subfield code="a">BCEJYS</subfield>
    <subfield code="b">BCEJYS</subfield>
    <subfield code="c">17</subfield>
    <subfield code="d">1987-07-01</subfield>
    <subfield code="h">A&#xF1;o 9, N&#xBA; 79 - jul. 1987</subfield>
    <subfield code="l">0</subfield>
    <subfield code="o">H330 NOV 79</subfield>
    <subfield code="p">R06701</subfield>
    <subfield code="r">2026-04-10 16:07:24</subfield>
    <subfield code="w">2026-04-10</subfield>
    <subfield code="y">RN</subfield>
  </datafield>
  <datafield tag="952" ind1=" " ind2=" ">
    <subfield code="0">0</subfield>
    <subfield code="1">0</subfield>
    <subfield code="4">0</subfield>
    <subfield code="7">0</subfield>
    <subfield code="a">BCEJYS</subfield>
    <subfield code="b">BCEJYS</subfield>
    <subfield code="c">17</subfield>
    <subfield code="d">1987-06-01</subfield>
    <subfield code="h">A&#xF1;o 9, N&#xBA; 78 - jun. 1987</subfield>
    <subfield code="l">0</subfield>
    <subfield code="o">H330 NOV 78</subfield>
    <subfield code="p">R06700</subfield>
    <subfield code="r">2026-04-10 16:07:24</subfield>
    <subfield code="w">2026-04-10</subfield>
    <subfield code="y">RN</subfield>
  </datafield>
  <datafield tag="952" ind1=" " ind2=" ">
    <subfield code="0">0</subfield>
    <subfield code="1">0</subfield>
    <subfield code="4">0</subfield>
    <subfield code="7">0</subfield>
    <subfield code="a">BCEJYS</subfield>
    <subfield code="b">BCEJYS</subfield>
    <subfield code="c">17</subfield>
    <subfield code="d">1987-05-01</subfield>
    <subfield code="h">A&#xF1;o 9, N&#xBA; 77 - may. 1987</subfield>
    <subfield code="l">0</subfield>
    <subfield code="o">H330 NOV 77</subfield>
    <subfield code="p">R06699</subfield>
    <subfield code="r">2026-04-10 16:07:24</subfield>
    <subfield code="w">2026-04-10</subfield>
    <subfield code="y">RN</subfield>
  </datafield>
  <datafield tag="952" ind1=" " ind2=" ">
    <subfield code="0">0</subfield>
    <subfield code="1">0</subfield>
    <subfield code="4">0</subfield>
    <subfield code="7">0</subfield>
    <subfield code="a">BCEJYS</subfield>
    <subfield code="b">BCEJYS</subfield>
    <subfield code="c">17</subfield>
    <subfield code="d">1987-04-01</subfield>
    <subfield code="h">A&#xF1;o 9, N&#xBA; 76 - abr. 1987</subfield>
    <subfield code="l">0</subfield>
    <subfield code="o">H330 NOV 76</subfield>
    <subfield code="p">R06698</subfield>
    <subfield code="r">2026-04-10 16:07:24</subfield>
    <subfield code="w">2026-04-10</subfield>
    <subfield code="y">RN</subfield>
  </datafield>
  <datafield tag="952" ind1=" " ind2=" ">
    <subfield code="0">0</subfield>
    <subfield code="1">0</subfield>
    <subfield code="4">0</subfield>
    <subfield code="7">0</subfield>
    <subfield code="a">BCEJYS</subfield>
    <subfield code="b">BCEJYS</subfield>
    <subfield code="c">17</subfield>
    <subfield code="d">1987-03-01</subfield>
    <subfield code="h">A&#xF1;o 9, N&#xBA; 75 - mar. 1987</subfield>
    <subfield code="l">0</subfield>
    <subfield code="o">H330 NOV 75</subfield>
    <subfield code="p">R06697</subfield>
    <subfield code="r">2026-04-10 16:07:24</subfield>
    <subfield code="w">2026-04-10</subfield>
    <subfield code="y">RN</subfield>
  </datafield>
  <datafield tag="952" ind1=" " ind2=" ">
    <subfield code="0">0</subfield>
    <subfield code="1">0</subfield>
    <subfield code="4">0</subfield>
    <subfield code="7">0</subfield>
    <subfield code="a">BCEJYS</subfield>
    <subfield code="b">BCEJYS</subfield>
    <subfield code="c">17</subfield>
    <subfield code="d">1987-02-01</subfield>
    <subfield code="h">A&#xF1;o 9, N&#xBA; 74 - feb. 1987</subfield>
    <subfield code="l">0</subfield>
    <subfield code="o">H330 NOV 74</subfield>
    <subfield code="p">R06696</subfield>
    <subfield code="r">2026-04-10 16:07:24</subfield>
    <subfield code="w">2026-04-10</subfield>
    <subfield code="y">RN</subfield>
  </datafield>
  <datafield tag="952" ind1=" " ind2=" ">
    <subfield code="0">0</subfield>
    <subfield code="1">0</subfield>
    <subfield code="4">0</subfield>
    <subfield code="7">0</subfield>
    <subfield code="a">BCEJYS</subfield>
    <subfield code="b">BCEJYS</subfield>
    <subfield code="c">17</subfield>
    <subfield code="d">1987-01-01</subfield>
    <subfield code="h">A&#xF1;o 9, N&#xBA; 73 - ene. 1987</subfield>
    <subfield code="l">0</subfield>
    <subfield code="o">H330 NOV 73</subfield>
    <subfield code="p">R06695</subfield>
    <subfield code="r">2026-04-10 16:07:24</subfield>
    <subfield code="w">2026-04-10</subfield>
    <subfield code="y">RN</subfield>
  </datafield>
  <datafield tag="952" ind1=" " ind2=" ">
    <subfield code="0">0</subfield>
    <subfield code="1">0</subfield>
    <subfield code="4">0</subfield>
    <subfield code="7">0</subfield>
    <subfield code="a">BCEJYS</subfield>
    <subfield code="b">BCEJYS</subfield>
    <subfield code="c">17</subfield>
    <subfield code="d">1986-12-01</subfield>
    <subfield code="h">A&#xF1;o 9, N&#xBA; 72 - dic. 1986</subfield>
    <subfield code="l">0</subfield>
    <subfield code="o">H330 NOV 72</subfield>
    <subfield code="p">R06694</subfield>
    <subfield code="r">2026-04-10 16:07:24</subfield>
    <subfield code="w">2026-04-10</subfield>
    <subfield code="y">RN</subfield>
  </datafield>
  <datafield tag="952" ind1=" " ind2=" ">
    <subfield code="0">0</subfield>
    <subfield code="1">0</subfield>
    <subfield code="4">0</subfield>
    <subfield code="7">0</subfield>
    <subfield code="a">BCEJYS</subfield>
    <subfield code="b">BCEJYS</subfield>
    <subfield code="c">17</subfield>
    <subfield code="d">1986-11-01</subfield>
    <subfield code="h">A&#xF1;o 9, N&#xBA; 71 - nov. 1986</subfield>
    <subfield code="l">0</subfield>
    <subfield code="o">H330 NOV 71</subfield>
    <subfield code="p">R06693</subfield>
    <subfield code="r">2026-04-10 16:07:24</subfield>
    <subfield code="w">2026-04-10</subfield>
    <subfield code="y">RN</subfield>
  </datafield>
  <datafield tag="952" ind1=" " ind2=" ">
    <subfield code="0">0</subfield>
    <subfield code="1">0</subfield>
    <subfield code="4">0</subfield>
    <subfield code="7">0</subfield>
    <subfield code="a">BCEJYS</subfield>
    <subfield code="b">BCEJYS</subfield>
    <subfield code="c">17</subfield>
    <subfield code="d">1986-10-01</subfield>
    <subfield code="h">A&#xF1;o 8, N&#xBA; 70 - oct. 1986</subfield>
    <subfield code="l">0</subfield>
    <subfield code="o">H330 NOV 70</subfield>
    <subfield code="p">R06692</subfield>
    <subfield code="r">2026-04-10 16:07:24</subfield>
    <subfield code="w">2026-04-10</subfield>
    <subfield code="y">RN</subfield>
  </datafield>
  <datafield tag="952" ind1=" " ind2=" ">
    <subfield code="0">0</subfield>
    <subfield code="1">0</subfield>
    <subfield code="4">0</subfield>
    <subfield code="7">0</subfield>
    <subfield code="a">BCEJYS</subfield>
    <subfield code="b">BCEJYS</subfield>
    <subfield code="c">17</subfield>
    <subfield code="d">1986-09-01</subfield>
    <subfield code="h">A&#xF1;o 8, N&#xBA; 69 - set. 1986</subfield>
    <subfield code="l">0</subfield>
    <subfield code="o">H330 NOV 69</subfield>
    <subfield code="p">R06691</subfield>
    <subfield code="r">2026-04-10 16:07:24</subfield>
    <subfield code="w">2026-04-10</subfield>
    <subfield code="y">RN</subfield>
  </datafield>
  <datafield tag="952" ind1=" " ind2=" ">
    <subfield code="0">0</subfield>
    <subfield code="1">0</subfield>
    <subfield code="4">0</subfield>
    <subfield code="7">0</subfield>
    <subfield code="a">BCEJYS</subfield>
    <subfield code="b">BCEJYS</subfield>
    <subfield code="c">17</subfield>
    <subfield code="d">1986-08-01</subfield>
    <subfield code="h">A&#xF1;o 8, N&#xBA; 68 - ago. 1986</subfield>
    <subfield code="l">0</subfield>
    <subfield code="o">H330 NOV 68</subfield>
    <subfield code="p">R06690</subfield>
    <subfield code="r">2026-04-10 16:07:24</subfield>
    <subfield code="w">2026-04-10</subfield>
    <subfield code="y">RN</subfield>
  </datafield>
  <datafield tag="952" ind1=" " ind2=" ">
    <subfield code="0">0</subfield>
    <subfield code="1">0</subfield>
    <subfield code="4">0</subfield>
    <subfield code="7">0</subfield>
    <subfield code="a">BCEJYS</subfield>
    <subfield code="b">BCEJYS</subfield>
    <subfield code="c">17</subfield>
    <subfield code="d">1986-07-01</subfield>
    <subfield code="h">A&#xF1;o 8, N&#xBA; 67 - jul. 1986</subfield>
    <subfield code="l">0</subfield>
    <subfield code="o">H330 NOV 67</subfield>
    <subfield code="p">R06689</subfield>
    <subfield code="r">2026-04-10 16:07:24</subfield>
    <subfield code="w">2026-04-10</subfield>
    <subfield code="y">RN</subfield>
  </datafield>
  <datafield tag="952" ind1=" " ind2=" ">
    <subfield code="0">0</subfield>
    <subfield code="1">0</subfield>
    <subfield code="4">0</subfield>
    <subfield code="7">0</subfield>
    <subfield code="a">BCEJYS</subfield>
    <subfield code="b">BCEJYS</subfield>
    <subfield code="c">17</subfield>
    <subfield code="d">1986-06-01</subfield>
    <subfield code="h">A&#xF1;o 8, N&#xBA; 66 - jun. 1986</subfield>
    <subfield code="l">0</subfield>
    <subfield code="o">H330 NOV 66</subfield>
    <subfield code="p">R06688</subfield>
    <subfield code="r">2026-04-10 16:07:24</subfield>
    <subfield code="w">2026-04-10</subfield>
    <subfield code="y">RN</subfield>
  </datafield>
  <datafield tag="952" ind1=" " ind2=" ">
    <subfield code="0">0</subfield>
    <subfield code="1">0</subfield>
    <subfield code="4">0</subfield>
    <subfield code="7">0</subfield>
    <subfield code="a">BCEJYS</subfield>
    <subfield code="b">BCEJYS</subfield>
    <subfield code="c">17</subfield>
    <subfield code="d">1986-05-01</subfield>
    <subfield code="h">A&#xF1;o 8, N&#xBA; 65 - may. 1986</subfield>
    <subfield code="l">0</subfield>
    <subfield code="o">H330 NOV 65</subfield>
    <subfield code="p">R06687</subfield>
    <subfield code="r">2026-04-10 16:07:24</subfield>
    <subfield code="w">2026-04-10</subfield>
    <subfield code="y">RN</subfield>
  </datafield>
  <datafield tag="952" ind1=" " ind2=" ">
    <subfield code="0">0</subfield>
    <subfield code="1">0</subfield>
    <subfield code="4">0</subfield>
    <subfield code="7">0</subfield>
    <subfield code="a">BCEJYS</subfield>
    <subfield code="b">BCEJYS</subfield>
    <subfield code="c">17</subfield>
    <subfield code="d">1986-04-01</subfield>
    <subfield code="h">A&#xF1;o 8, N&#xBA; 64 - abr. 1986</subfield>
    <subfield code="l">0</subfield>
    <subfield code="o">H330 NOV 64</subfield>
    <subfield code="p">R06686</subfield>
    <subfield code="r">2026-04-10 16:07:24</subfield>
    <subfield code="w">2026-04-10</subfield>
    <subfield code="y">RN</subfield>
  </datafield>
  <datafield tag="952" ind1=" " ind2=" ">
    <subfield code="0">0</subfield>
    <subfield code="1">0</subfield>
    <subfield code="4">0</subfield>
    <subfield code="7">0</subfield>
    <subfield code="a">BCEJYS</subfield>
    <subfield code="b">BCEJYS</subfield>
    <subfield code="c">17</subfield>
    <subfield code="d">1986-03-01</subfield>
    <subfield code="h">A&#xF1;o 8, N&#xBA; 63 - mar. 1986</subfield>
    <subfield code="l">0</subfield>
    <subfield code="o">H330 NOV 63</subfield>
    <subfield code="p">R06685</subfield>
    <subfield code="r">2026-04-10 16:07:24</subfield>
    <subfield code="w">2026-04-10</subfield>
    <subfield code="y">RN</subfield>
  </datafield>
  <datafield tag="952" ind1=" " ind2=" ">
    <subfield code="0">0</subfield>
    <subfield code="1">0</subfield>
    <subfield code="4">0</subfield>
    <subfield code="7">0</subfield>
    <subfield code="a">BCEJYS</subfield>
    <subfield code="b">BCEJYS</subfield>
    <subfield code="c">17</subfield>
    <subfield code="d">1986-02-01</subfield>
    <subfield code="h">A&#xF1;o 8, N&#xBA; 62 - feb. 1986</subfield>
    <subfield code="l">0</subfield>
    <subfield code="o">H330 NOV 62</subfield>
    <subfield code="p">R06684</subfield>
    <subfield code="r">2026-04-10 16:07:24</subfield>
    <subfield code="w">2026-04-10</subfield>
    <subfield code="y">RN</subfield>
  </datafield>
  <datafield tag="952" ind1=" " ind2=" ">
    <subfield code="0">0</subfield>
    <subfield code="1">0</subfield>
    <subfield code="4">0</subfield>
    <subfield code="7">0</subfield>
    <subfield code="a">BCEJYS</subfield>
    <subfield code="b">BCEJYS</subfield>
    <subfield code="c">17</subfield>
    <subfield code="d">1986-01-01</subfield>
    <subfield code="h">A&#xF1;o 8, N&#xBA; 61 - ene. 1986</subfield>
    <subfield code="l">0</subfield>
    <subfield code="o">H330 NOV 61</subfield>
    <subfield code="p">R06683</subfield>
    <subfield code="r">2026-04-10 16:07:24</subfield>
    <subfield code="w">2026-04-10</subfield>
    <subfield code="y">RN</subfield>
  </datafield>
  <datafield tag="952" ind1=" " ind2=" ">
    <subfield code="0">0</subfield>
    <subfield code="1">0</subfield>
    <subfield code="4">0</subfield>
    <subfield code="7">0</subfield>
    <subfield code="a">BCEJYS</subfield>
    <subfield code="b">BCEJYS</subfield>
    <subfield code="c">17</subfield>
    <subfield code="d">1985-12-01</subfield>
    <subfield code="h">A&#xF1;o 8, N&#xBA; 60 - dic. 1985</subfield>
    <subfield code="l">0</subfield>
    <subfield code="o">H330 NOV 60</subfield>
    <subfield code="p">R06682</subfield>
    <subfield code="r">2026-04-10 16:07:24</subfield>
    <subfield code="w">2026-04-10</subfield>
    <subfield code="y">RN</subfield>
  </datafield>
  <datafield tag="952" ind1=" " ind2=" ">
    <subfield code="0">0</subfield>
    <subfield code="1">0</subfield>
    <subfield code="4">0</subfield>
    <subfield code="7">0</subfield>
    <subfield code="a">BCEJYS</subfield>
    <subfield code="b">BCEJYS</subfield>
    <subfield code="c">17</subfield>
    <subfield code="d">1985-11-01</subfield>
    <subfield code="h">A&#xF1;o 8, N&#xBA; 59 - nov. 1985</subfield>
    <subfield code="l">0</subfield>
    <subfield code="o">H330 NOV 59</subfield>
    <subfield code="p">R06681</subfield>
    <subfield code="r">2026-04-10 16:07:24</subfield>
    <subfield code="w">2026-04-10</subfield>
    <subfield code="y">RN</subfield>
  </datafield>
  <datafield tag="952" ind1=" " ind2=" ">
    <subfield code="0">0</subfield>
    <subfield code="1">0</subfield>
    <subfield code="4">0</subfield>
    <subfield code="7">0</subfield>
    <subfield code="a">BCEJYS</subfield>
    <subfield code="b">BCEJYS</subfield>
    <subfield code="c">17</subfield>
    <subfield code="d">1985-10-01</subfield>
    <subfield code="h">A&#xF1;o 7, N&#xBA; 58 - oct. 1985</subfield>
    <subfield code="l">0</subfield>
    <subfield code="o">H330 NOV 58</subfield>
    <subfield code="p">R06680</subfield>
    <subfield code="r">2026-04-10 16:07:24</subfield>
    <subfield code="w">2026-04-10</subfield>
    <subfield code="y">RN</subfield>
  </datafield>
  <datafield tag="952" ind1=" " ind2=" ">
    <subfield code="0">0</subfield>
    <subfield code="1">0</subfield>
    <subfield code="4">0</subfield>
    <subfield code="7">0</subfield>
    <subfield code="a">BCEJYS</subfield>
    <subfield code="b">BCEJYS</subfield>
    <subfield code="c">17</subfield>
    <subfield code="d">1985-09-01</subfield>
    <subfield code="h">A&#xF1;o 7, N&#xBA; 57 - set. 1985</subfield>
    <subfield code="l">0</subfield>
    <subfield code="o">H330 NOV 57</subfield>
    <subfield code="p">R06679</subfield>
    <subfield code="r">2026-04-10 16:07:24</subfield>
    <subfield code="w">2026-04-10</subfield>
    <subfield code="y">RN</subfield>
  </datafield>
  <datafield tag="952" ind1=" " ind2=" ">
    <subfield code="0">0</subfield>
    <subfield code="1">0</subfield>
    <subfield code="4">0</subfield>
    <subfield code="7">0</subfield>
    <subfield code="a">BCEJYS</subfield>
    <subfield code="b">BCEJYS</subfield>
    <subfield code="c">17</subfield>
    <subfield code="d">1985-08-01</subfield>
    <subfield code="h">A&#xF1;o 7, N&#xBA; 56 - ago. 1985</subfield>
    <subfield code="l">0</subfield>
    <subfield code="o">H330 NOV 56</subfield>
    <subfield code="p">R06678</subfield>
    <subfield code="r">2026-04-10 16:07:24</subfield>
    <subfield code="w">2026-04-10</subfield>
    <subfield code="y">RN</subfield>
  </datafield>
  <datafield tag="952" ind1=" " ind2=" ">
    <subfield code="0">0</subfield>
    <subfield code="1">0</subfield>
    <subfield code="4">0</subfield>
    <subfield code="7">0</subfield>
    <subfield code="a">BCEJYS</subfield>
    <subfield code="b">BCEJYS</subfield>
    <subfield code="c">17</subfield>
    <subfield code="d">1985-07-01</subfield>
    <subfield code="h">A&#xF1;o 7, N&#xBA; 55 - jul. 1985</subfield>
    <subfield code="l">0</subfield>
    <subfield code="o">H330 NOV 55</subfield>
    <subfield code="p">R06677</subfield>
    <subfield code="r">2026-04-10 16:07:24</subfield>
    <subfield code="w">2026-04-10</subfield>
    <subfield code="y">RN</subfield>
  </datafield>
  <datafield tag="952" ind1=" " ind2=" ">
    <subfield code="0">0</subfield>
    <subfield code="1">0</subfield>
    <subfield code="4">0</subfield>
    <subfield code="7">0</subfield>
    <subfield code="a">BCEJYS</subfield>
    <subfield code="b">BCEJYS</subfield>
    <subfield code="c">17</subfield>
    <subfield code="d">1985-06-01</subfield>
    <subfield code="h">A&#xF1;o 7, N&#xBA; 54 - jun. 1985</subfield>
    <subfield code="l">0</subfield>
    <subfield code="o">H330 NOV 54</subfield>
    <subfield code="p">R06676</subfield>
    <subfield code="r">2026-04-10 16:07:24</subfield>
    <subfield code="w">2026-04-10</subfield>
    <subfield code="y">RN</subfield>
  </datafield>
  <datafield tag="952" ind1=" " ind2=" ">
    <subfield code="0">0</subfield>
    <subfield code="1">0</subfield>
    <subfield code="4">0</subfield>
    <subfield code="7">0</subfield>
    <subfield code="a">BCEJYS</subfield>
    <subfield code="b">BCEJYS</subfield>
    <subfield code="c">17</subfield>
    <subfield code="d">1985-05-01</subfield>
    <subfield code="h">A&#xF1;o 7, N&#xBA; 53 - may. 1985</subfield>
    <subfield code="l">0</subfield>
    <subfield code="o">H330 NOV 53</subfield>
    <subfield code="p">R06675</subfield>
    <subfield code="r">2026-04-10 16:07:24</subfield>
    <subfield code="w">2026-04-10</subfield>
    <subfield code="y">RN</subfield>
  </datafield>
  <datafield tag="952" ind1=" " ind2=" ">
    <subfield code="0">0</subfield>
    <subfield code="1">0</subfield>
    <subfield code="4">0</subfield>
    <subfield code="7">0</subfield>
    <subfield code="a">BCEJYS</subfield>
    <subfield code="b">BCEJYS</subfield>
    <subfield code="c">17</subfield>
    <subfield code="d">1985-04-01</subfield>
    <subfield code="h">A&#xF1;o 7, N&#xBA; 52 - abr. 1985</subfield>
    <subfield code="l">0</subfield>
    <subfield code="o">H330 NOV 52</subfield>
    <subfield code="p">R06674</subfield>
    <subfield code="r">2026-04-10 16:07:24</subfield>
    <subfield code="w">2026-04-10</subfield>
    <subfield code="y">RN</subfield>
  </datafield>
  <datafield tag="952" ind1=" " ind2=" ">
    <subfield code="0">0</subfield>
    <subfield code="1">0</subfield>
    <subfield code="4">0</subfield>
    <subfield code="7">0</subfield>
    <subfield code="a">BCEJYS</subfield>
    <subfield code="b">BCEJYS</subfield>
    <subfield code="c">17</subfield>
    <subfield code="d">1985-03-01</subfield>
    <subfield code="h">A&#xF1;o 7, N&#xBA; 51 - mar. 1985</subfield>
    <subfield code="l">0</subfield>
    <subfield code="o">H330 NOV 51</subfield>
    <subfield code="p">R06673</subfield>
    <subfield code="r">2026-04-10 16:07:24</subfield>
    <subfield code="w">2026-04-10</subfield>
    <subfield code="y">RN</subfield>
  </datafield>
  <datafield tag="952" ind1=" " ind2=" ">
    <subfield code="0">0</subfield>
    <subfield code="1">0</subfield>
    <subfield code="4">0</subfield>
    <subfield code="7">0</subfield>
    <subfield code="a">BCEJYS</subfield>
    <subfield code="b">BCEJYS</subfield>
    <subfield code="c">17</subfield>
    <subfield code="d">1985-02-01</subfield>
    <subfield code="h">A&#xF1;o 7, N&#xBA; 50 - feb. 1985</subfield>
    <subfield code="l">0</subfield>
    <subfield code="o">H330 NOV 50</subfield>
    <subfield code="p">R06672</subfield>
    <subfield code="r">2026-04-10 16:07:24</subfield>
    <subfield code="w">2026-04-10</subfield>
    <subfield code="y">RN</subfield>
  </datafield>
  <datafield tag="952" ind1=" " ind2=" ">
    <subfield code="0">0</subfield>
    <subfield code="1">0</subfield>
    <subfield code="4">0</subfield>
    <subfield code="7">0</subfield>
    <subfield code="a">BCEJYS</subfield>
    <subfield code="b">BCEJYS</subfield>
    <subfield code="c">17</subfield>
    <subfield code="d">1985-01-01</subfield>
    <subfield code="h">A&#xF1;o 7, N&#xBA; 49 - ene. 1985</subfield>
    <subfield code="l">0</subfield>
    <subfield code="o">H330 NOV 49</subfield>
    <subfield code="p">R06671</subfield>
    <subfield code="r">2026-04-10 16:07:24</subfield>
    <subfield code="w">2026-04-10</subfield>
    <subfield code="y">RN</subfield>
  </datafield>
  <datafield tag="952" ind1=" " ind2=" ">
    <subfield code="0">0</subfield>
    <subfield code="1">0</subfield>
    <subfield code="4">0</subfield>
    <subfield code="7">0</subfield>
    <subfield code="a">BCEJYS</subfield>
    <subfield code="b">BCEJYS</subfield>
    <subfield code="c">17</subfield>
    <subfield code="d">1984-12-01</subfield>
    <subfield code="h">A&#xF1;o 7, N&#xBA; 48 - dic. 1984</subfield>
    <subfield code="l">0</subfield>
    <subfield code="o">H330 NOV 48</subfield>
    <subfield code="p">R06670</subfield>
    <subfield code="r">2026-04-10 16:07:24</subfield>
    <subfield code="w">2026-04-10</subfield>
    <subfield code="y">RN</subfield>
  </datafield>
  <datafield tag="952" ind1=" " ind2=" ">
    <subfield code="0">0</subfield>
    <subfield code="1">0</subfield>
    <subfield code="4">0</subfield>
    <subfield code="7">0</subfield>
    <subfield code="a">BCEJYS</subfield>
    <subfield code="b">BCEJYS</subfield>
    <subfield code="c">17</subfield>
    <subfield code="d">1984-11-01</subfield>
    <subfield code="h">A&#xF1;o 7, N&#xBA; 47 - nov. 1984</subfield>
    <subfield code="l">0</subfield>
    <subfield code="o">H330 NOV 47</subfield>
    <subfield code="p">R06669</subfield>
    <subfield code="r">2026-04-10 16:07:24</subfield>
    <subfield code="w">2026-04-10</subfield>
    <subfield code="y">RN</subfield>
  </datafield>
  <datafield tag="952" ind1=" " ind2=" ">
    <subfield code="0">0</subfield>
    <subfield code="1">0</subfield>
    <subfield code="4">0</subfield>
    <subfield code="7">0</subfield>
    <subfield code="a">BCEJYS</subfield>
    <subfield code="b">BCEJYS</subfield>
    <subfield code="c">17</subfield>
    <subfield code="d">1984-10-01</subfield>
    <subfield code="h">A&#xF1;o 6, N&#xBA; 46 - oct. 1984</subfield>
    <subfield code="l">0</subfield>
    <subfield code="o">H330 NOV 46</subfield>
    <subfield code="p">R06668</subfield>
    <subfield code="r">2026-04-10 16:07:24</subfield>
    <subfield code="w">2026-04-10</subfield>
    <subfield code="y">RN</subfield>
  </datafield>
  <datafield tag="952" ind1=" " ind2=" ">
    <subfield code="0">0</subfield>
    <subfield code="1">0</subfield>
    <subfield code="4">0</subfield>
    <subfield code="7">0</subfield>
    <subfield code="a">BCEJYS</subfield>
    <subfield code="b">BCEJYS</subfield>
    <subfield code="c">17</subfield>
    <subfield code="d">1984-09-01</subfield>
    <subfield code="h">A&#xF1;o 6, N&#xBA; 45 - set. 1984</subfield>
    <subfield code="l">0</subfield>
    <subfield code="o">H330 NOV 45</subfield>
    <subfield code="p">R06667</subfield>
    <subfield code="r">2026-04-10 16:07:25</subfield>
    <subfield code="w">2026-04-10</subfield>
    <subfield code="y">RN</subfield>
  </datafield>
  <datafield tag="952" ind1=" " ind2=" ">
    <subfield code="0">0</subfield>
    <subfield code="1">0</subfield>
    <subfield code="4">0</subfield>
    <subfield code="7">0</subfield>
    <subfield code="a">BCEJYS</subfield>
    <subfield code="b">BCEJYS</subfield>
    <subfield code="c">17</subfield>
    <subfield code="d">1984-08-01</subfield>
    <subfield code="h">A&#xF1;o 6, N&#xBA; 44 - ago. 1984</subfield>
    <subfield code="l">0</subfield>
    <subfield code="o">H330 NOV 44</subfield>
    <subfield code="p">R06666</subfield>
    <subfield code="r">2026-04-10 16:07:25</subfield>
    <subfield code="w">2026-04-10</subfield>
    <subfield code="y">RN</subfield>
  </datafield>
  <datafield tag="952" ind1=" " ind2=" ">
    <subfield code="0">0</subfield>
    <subfield code="1">0</subfield>
    <subfield code="4">0</subfield>
    <subfield code="7">0</subfield>
    <subfield code="a">BCEJYS</subfield>
    <subfield code="b">BCEJYS</subfield>
    <subfield code="c">17</subfield>
    <subfield code="d">1984-07-01</subfield>
    <subfield code="h">A&#xF1;o 6, N&#xBA; 43 - jul. 1984</subfield>
    <subfield code="l">0</subfield>
    <subfield code="o">H330 NOV 43</subfield>
    <subfield code="p">R06665</subfield>
    <subfield code="r">2026-04-10 16:07:25</subfield>
    <subfield code="w">2026-04-10</subfield>
    <subfield code="y">RN</subfield>
  </datafield>
  <datafield tag="952" ind1=" " ind2=" ">
    <subfield code="0">0</subfield>
    <subfield code="1">0</subfield>
    <subfield code="4">0</subfield>
    <subfield code="7">0</subfield>
    <subfield code="a">BCEJYS</subfield>
    <subfield code="b">BCEJYS</subfield>
    <subfield code="c">17</subfield>
    <subfield code="d">1984-06-01</subfield>
    <subfield code="h">A&#xF1;o 6, N&#xBA; 42 - jun. 1984</subfield>
    <subfield code="l">0</subfield>
    <subfield code="o">H330 NOV 42</subfield>
    <subfield code="p">R06664</subfield>
    <subfield code="r">2026-04-10 16:07:25</subfield>
    <subfield code="w">2026-04-10</subfield>
    <subfield code="y">RN</subfield>
  </datafield>
  <datafield tag="952" ind1=" " ind2=" ">
    <subfield code="0">0</subfield>
    <subfield code="1">0</subfield>
    <subfield code="4">0</subfield>
    <subfield code="7">0</subfield>
    <subfield code="a">BCEJYS</subfield>
    <subfield code="b">BCEJYS</subfield>
    <subfield code="c">17</subfield>
    <subfield code="d">1984-05-01</subfield>
    <subfield code="h">A&#xF1;o 6, N&#xBA; 41 - may. 1984</subfield>
    <subfield code="l">0</subfield>
    <subfield code="o">H330 NOV 41</subfield>
    <subfield code="p">R06663</subfield>
    <subfield code="r">2026-04-10 16:07:25</subfield>
    <subfield code="w">2026-04-10</subfield>
    <subfield code="y">RN</subfield>
  </datafield>
  <datafield tag="952" ind1=" " ind2=" ">
    <subfield code="0">0</subfield>
    <subfield code="1">0</subfield>
    <subfield code="4">0</subfield>
    <subfield code="7">0</subfield>
    <subfield code="a">BCEJYS</subfield>
    <subfield code="b">BCEJYS</subfield>
    <subfield code="c">17</subfield>
    <subfield code="d">1984-04-01</subfield>
    <subfield code="h">A&#xF1;o 6, N&#xBA; 40 - abr. 1984</subfield>
    <subfield code="l">0</subfield>
    <subfield code="o">H330 NOV 40</subfield>
    <subfield code="p">R06662</subfield>
    <subfield code="r">2026-04-10 16:07:25</subfield>
    <subfield code="w">2026-04-10</subfield>
    <subfield code="y">RN</subfield>
  </datafield>
  <datafield tag="952" ind1=" " ind2=" ">
    <subfield code="0">0</subfield>
    <subfield code="1">0</subfield>
    <subfield code="4">0</subfield>
    <subfield code="7">0</subfield>
    <subfield code="a">BCEJYS</subfield>
    <subfield code="b">BCEJYS</subfield>
    <subfield code="c">17</subfield>
    <subfield code="d">1984-03-01</subfield>
    <subfield code="h">A&#xF1;o 6, N&#xBA; 39 - mar. 1984</subfield>
    <subfield code="l">0</subfield>
    <subfield code="o">H330 NOV 39</subfield>
    <subfield code="p">R06661</subfield>
    <subfield code="r">2026-04-10 16:07:25</subfield>
    <subfield code="w">2026-04-10</subfield>
    <subfield code="y">RN</subfield>
  </datafield>
  <datafield tag="952" ind1=" " ind2=" ">
    <subfield code="0">0</subfield>
    <subfield code="1">0</subfield>
    <subfield code="4">0</subfield>
    <subfield code="7">0</subfield>
    <subfield code="a">BCEJYS</subfield>
    <subfield code="b">BCEJYS</subfield>
    <subfield code="c">17</subfield>
    <subfield code="d">1984-02-01</subfield>
    <subfield code="h">A&#xF1;o 6, N&#xBA; 38 - feb. 1984</subfield>
    <subfield code="l">0</subfield>
    <subfield code="o">H330 NOV 38</subfield>
    <subfield code="p">R06660</subfield>
    <subfield code="r">2026-04-10 16:07:25</subfield>
    <subfield code="w">2026-04-10</subfield>
    <subfield code="y">RN</subfield>
  </datafield>
  <datafield tag="952" ind1=" " ind2=" ">
    <subfield code="0">0</subfield>
    <subfield code="1">0</subfield>
    <subfield code="4">0</subfield>
    <subfield code="7">0</subfield>
    <subfield code="a">BCEJYS</subfield>
    <subfield code="b">BCEJYS</subfield>
    <subfield code="c">17</subfield>
    <subfield code="d">1983-12-01</subfield>
    <subfield code="h">A&#xF1;o VI, N&#xBA; 37 - dic. 1983</subfield>
    <subfield code="l">0</subfield>
    <subfield code="o">H330 NOV 37</subfield>
    <subfield code="p">R07594</subfield>
    <subfield code="r">2026-04-10 16:07:25</subfield>
    <subfield code="w">2026-04-10</subfield>
    <subfield code="y">RN</subfield>
  </datafield>
  <datafield tag="952" ind1=" " ind2=" ">
    <subfield code="0">0</subfield>
    <subfield code="1">0</subfield>
    <subfield code="4">0</subfield>
    <subfield code="7">0</subfield>
    <subfield code="a">BCEJYS</subfield>
    <subfield code="b">BCEJYS</subfield>
    <subfield code="c">17</subfield>
    <subfield code="d">1983-11-01</subfield>
    <subfield code="h">A&#xF1;o 5, N&#xBA; 36 - nov. 1983</subfield>
    <subfield code="l">0</subfield>
    <subfield code="o">H330 NOV 36</subfield>
    <subfield code="p">R06659</subfield>
    <subfield code="r">2026-04-10 16:07:25</subfield>
    <subfield code="w">2026-04-10</subfield>
    <subfield code="y">RN</subfield>
  </datafield>
  <datafield tag="952" ind1=" " ind2=" ">
    <subfield code="0">0</subfield>
    <subfield code="1">0</subfield>
    <subfield code="4">0</subfield>
    <subfield code="7">0</subfield>
    <subfield code="a">BCEJYS</subfield>
    <subfield code="b">BCEJYS</subfield>
    <subfield code="c">17</subfield>
    <subfield code="d">1983-10-01</subfield>
    <subfield code="h">A&#xF1;o 5, N&#xBA; 35 - oct. 1983</subfield>
    <subfield code="l">0</subfield>
    <subfield code="o">H330 NOV 35</subfield>
    <subfield code="p">R06658</subfield>
    <subfield code="r">2026-04-10 16:07:25</subfield>
    <subfield code="w">2026-04-10</subfield>
    <subfield code="y">RN</subfield>
  </datafield>
  <datafield tag="952" ind1=" " ind2=" ">
    <subfield code="0">0</subfield>
    <subfield code="1">0</subfield>
    <subfield code="4">0</subfield>
    <subfield code="7">0</subfield>
    <subfield code="a">BCEJYS</subfield>
    <subfield code="b">BCEJYS</subfield>
    <subfield code="c">17</subfield>
    <subfield code="d">1983-09-01</subfield>
    <subfield code="h">A&#xF1;o 5, N&#xBA; 34 - set. 1983</subfield>
    <subfield code="l">0</subfield>
    <subfield code="o">H330 NOV 34</subfield>
    <subfield code="p">R06657</subfield>
    <subfield code="r">2026-04-10 16:07:25</subfield>
    <subfield code="w">2026-04-10</subfield>
    <subfield code="y">RN</subfield>
  </datafield>
  <datafield tag="952" ind1=" " ind2=" ">
    <subfield code="0">0</subfield>
    <subfield code="1">0</subfield>
    <subfield code="4">0</subfield>
    <subfield code="7">0</subfield>
    <subfield code="a">BCEJYS</subfield>
    <subfield code="b">BCEJYS</subfield>
    <subfield code="c">17</subfield>
    <subfield code="d">1983-08-01</subfield>
    <subfield code="h">A&#xF1;o 5, N&#xBA; 33 - ago. 1983</subfield>
    <subfield code="l">0</subfield>
    <subfield code="o">H330 NOV 33</subfield>
    <subfield code="p">R06656</subfield>
    <subfield code="r">2026-04-10 16:07:25</subfield>
    <subfield code="w">2026-04-10</subfield>
    <subfield code="y">RN</subfield>
  </datafield>
  <datafield tag="952" ind1=" " ind2=" ">
    <subfield code="0">0</subfield>
    <subfield code="1">0</subfield>
    <subfield code="4">0</subfield>
    <subfield code="7">0</subfield>
    <subfield code="a">BCEJYS</subfield>
    <subfield code="b">BCEJYS</subfield>
    <subfield code="c">17</subfield>
    <subfield code="d">1983-07-01</subfield>
    <subfield code="h">A&#xF1;o 5, N&#xBA; 32 - jul. 1983</subfield>
    <subfield code="l">0</subfield>
    <subfield code="o">H330 NOV 32</subfield>
    <subfield code="p">R06655</subfield>
    <subfield code="r">2026-04-10 16:07:25</subfield>
    <subfield code="w">2026-04-10</subfield>
    <subfield code="y">RN</subfield>
  </datafield>
  <datafield tag="952" ind1=" " ind2=" ">
    <subfield code="0">0</subfield>
    <subfield code="1">0</subfield>
    <subfield code="4">0</subfield>
    <subfield code="7">0</subfield>
    <subfield code="a">BCEJYS</subfield>
    <subfield code="b">BCEJYS</subfield>
    <subfield code="c">17</subfield>
    <subfield code="d">1983-06-01</subfield>
    <subfield code="h">A&#xF1;o 5, N&#xBA; 31 - jun. 1983</subfield>
    <subfield code="l">0</subfield>
    <subfield code="o">H330 NOV 31</subfield>
    <subfield code="p">R06654</subfield>
    <subfield code="r">2026-04-10 16:07:25</subfield>
    <subfield code="w">2026-04-10</subfield>
    <subfield code="y">RN</subfield>
  </datafield>
  <datafield tag="952" ind1=" " ind2=" ">
    <subfield code="0">0</subfield>
    <subfield code="1">0</subfield>
    <subfield code="4">0</subfield>
    <subfield code="7">0</subfield>
    <subfield code="a">BCEJYS</subfield>
    <subfield code="b">BCEJYS</subfield>
    <subfield code="c">17</subfield>
    <subfield code="d">1983-05-01</subfield>
    <subfield code="h">A&#xF1;o 5, N&#xBA; 30 - may. 1983</subfield>
    <subfield code="l">0</subfield>
    <subfield code="o">H330 NOV 30</subfield>
    <subfield code="p">R06653</subfield>
    <subfield code="r">2026-04-10 16:07:25</subfield>
    <subfield code="w">2026-04-10</subfield>
    <subfield code="y">RN</subfield>
  </datafield>
  <datafield tag="952" ind1=" " ind2=" ">
    <subfield code="0">0</subfield>
    <subfield code="1">0</subfield>
    <subfield code="4">0</subfield>
    <subfield code="7">0</subfield>
    <subfield code="a">BCEJYS</subfield>
    <subfield code="b">BCEJYS</subfield>
    <subfield code="c">17</subfield>
    <subfield code="d">1983-04-01</subfield>
    <subfield code="h">A&#xF1;o 4, N&#xBA; 29 - abr. 1983</subfield>
    <subfield code="l">0</subfield>
    <subfield code="o">H330 NOV 29</subfield>
    <subfield code="p">R06652</subfield>
    <subfield code="r">2026-04-10 16:07:25</subfield>
    <subfield code="w">2026-04-10</subfield>
    <subfield code="y">RN</subfield>
  </datafield>
  <datafield tag="952" ind1=" " ind2=" ">
    <subfield code="0">0</subfield>
    <subfield code="1">0</subfield>
    <subfield code="4">0</subfield>
    <subfield code="7">0</subfield>
    <subfield code="a">BCEJYS</subfield>
    <subfield code="b">BCEJYS</subfield>
    <subfield code="c">17</subfield>
    <subfield code="d">1983-03-01</subfield>
    <subfield code="h">A&#xF1;o 4, N&#xBA; 28 - mar. 1983</subfield>
    <subfield code="l">0</subfield>
    <subfield code="o">H330 NOV 28</subfield>
    <subfield code="p">R06651</subfield>
    <subfield code="r">2026-04-10 16:07:25</subfield>
    <subfield code="w">2026-04-10</subfield>
    <subfield code="y">RN</subfield>
  </datafield>
  <datafield tag="952" ind1=" " ind2=" ">
    <subfield code="0">0</subfield>
    <subfield code="1">0</subfield>
    <subfield code="4">0</subfield>
    <subfield code="7">0</subfield>
    <subfield code="a">BCEJYS</subfield>
    <subfield code="b">BCEJYS</subfield>
    <subfield code="c">17</subfield>
    <subfield code="d">1983-02-01</subfield>
    <subfield code="h">A&#xF1;o 4, N&#xBA; 27 - feb. 1983</subfield>
    <subfield code="l">0</subfield>
    <subfield code="o">H330 NOV 27</subfield>
    <subfield code="p">R06637</subfield>
    <subfield code="r">2026-04-10 16:07:25</subfield>
    <subfield code="w">2026-04-10</subfield>
    <subfield code="y">RN</subfield>
  </datafield>
  <datafield tag="952" ind1=" " ind2=" ">
    <subfield code="0">0</subfield>
    <subfield code="1">0</subfield>
    <subfield code="4">0</subfield>
    <subfield code="7">0</subfield>
    <subfield code="a">BCEJYS</subfield>
    <subfield code="b">BCEJYS</subfield>
    <subfield code="c">17</subfield>
    <subfield code="d">1983-01-01</subfield>
    <subfield code="h">A&#xF1;o 4, N&#xBA; 26 - ene. 1983</subfield>
    <subfield code="l">0</subfield>
    <subfield code="o">H330 NOV 26</subfield>
    <subfield code="p">R06650</subfield>
    <subfield code="r">2026-04-10 16:07:25</subfield>
    <subfield code="w">2026-04-10</subfield>
    <subfield code="y">RN</subfield>
  </datafield>
  <datafield tag="952" ind1=" " ind2=" ">
    <subfield code="0">0</subfield>
    <subfield code="1">0</subfield>
    <subfield code="4">0</subfield>
    <subfield code="7">0</subfield>
    <subfield code="a">BCEJYS</subfield>
    <subfield code="b">BCEJYS</subfield>
    <subfield code="c">17</subfield>
    <subfield code="d">1981-02-01</subfield>
    <subfield code="h">A&#xF1;o 2, N&#xBA; 20 - feb. 1981</subfield>
    <subfield code="l">0</subfield>
    <subfield code="o">H330 NOV 20</subfield>
    <subfield code="p">R06649</subfield>
    <subfield code="r">2026-04-10 16:07:25</subfield>
    <subfield code="w">2026-04-10</subfield>
    <subfield code="y">RN</subfield>
  </datafield>
  <datafield tag="952" ind1=" " ind2=" ">
    <subfield code="0">0</subfield>
    <subfield code="1">0</subfield>
    <subfield code="4">0</subfield>
    <subfield code="7">0</subfield>
    <subfield code="a">BCEJYS</subfield>
    <subfield code="b">BCEJYS</subfield>
    <subfield code="c">17</subfield>
    <subfield code="d">1980-12-01</subfield>
    <subfield code="h">A&#xF1;o 2, N&#xBA; 19 - dic. 1980</subfield>
    <subfield code="l">0</subfield>
    <subfield code="o">H330 NOV 19</subfield>
    <subfield code="p">R06648</subfield>
    <subfield code="r">2026-04-10 16:07:25</subfield>
    <subfield code="w">2026-04-10</subfield>
    <subfield code="y">RN</subfield>
  </datafield>
  <datafield tag="952" ind1=" " ind2=" ">
    <subfield code="0">0</subfield>
    <subfield code="1">0</subfield>
    <subfield code="4">0</subfield>
    <subfield code="7">0</subfield>
    <subfield code="a">BCEJYS</subfield>
    <subfield code="b">BCEJYS</subfield>
    <subfield code="c">17</subfield>
    <subfield code="d">1980-11-01</subfield>
    <subfield code="h">A&#xF1;o 2, N&#xBA; 18 - nov. 1980</subfield>
    <subfield code="l">0</subfield>
    <subfield code="o">H330 NOV 18</subfield>
    <subfield code="p">R06647</subfield>
    <subfield code="r">2026-04-10 16:07:25</subfield>
    <subfield code="w">2026-04-10</subfield>
    <subfield code="y">RN</subfield>
  </datafield>
  <datafield tag="952" ind1=" " ind2=" ">
    <subfield code="0">0</subfield>
    <subfield code="1">0</subfield>
    <subfield code="4">0</subfield>
    <subfield code="7">0</subfield>
    <subfield code="a">BCEJYS</subfield>
    <subfield code="b">BCEJYS</subfield>
    <subfield code="c">17</subfield>
    <subfield code="d">1980-10-01</subfield>
    <subfield code="h">A&#xF1;o 2, N&#xBA; 17 - oct. 1980</subfield>
    <subfield code="l">0</subfield>
    <subfield code="o">H330 NOV 17</subfield>
    <subfield code="p">R06646</subfield>
    <subfield code="r">2026-04-10 16:07:25</subfield>
    <subfield code="w">2026-04-10</subfield>
    <subfield code="y">RN</subfield>
  </datafield>
  <datafield tag="952" ind1=" " ind2=" ">
    <subfield code="0">0</subfield>
    <subfield code="1">0</subfield>
    <subfield code="4">0</subfield>
    <subfield code="7">0</subfield>
    <subfield code="a">BCEJYS</subfield>
    <subfield code="b">BCEJYS</subfield>
    <subfield code="c">17</subfield>
    <subfield code="d">1980-09-01</subfield>
    <subfield code="h">A&#xF1;o 2, N&#xBA; 16 - set. 1980</subfield>
    <subfield code="l">0</subfield>
    <subfield code="o">H330 NOV 16</subfield>
    <subfield code="p">R06645</subfield>
    <subfield code="r">2026-04-10 16:07:25</subfield>
    <subfield code="w">2026-04-10</subfield>
    <subfield code="y">RN</subfield>
  </datafield>
  <datafield tag="952" ind1=" " ind2=" ">
    <subfield code="0">0</subfield>
    <subfield code="1">0</subfield>
    <subfield code="4">0</subfield>
    <subfield code="7">0</subfield>
    <subfield code="a">BCEJYS</subfield>
    <subfield code="b">BCEJYS</subfield>
    <subfield code="c">17</subfield>
    <subfield code="d">1980-08-01</subfield>
    <subfield code="h">A&#xF1;o 2, N&#xBA; 15 - ago. 1980</subfield>
    <subfield code="l">0</subfield>
    <subfield code="o">H330 NOV 15</subfield>
    <subfield code="p">R06644</subfield>
    <subfield code="r">2026-04-10 16:07:25</subfield>
    <subfield code="w">2026-04-10</subfield>
    <subfield code="y">RN</subfield>
  </datafield>
  <datafield tag="952" ind1=" " ind2=" ">
    <subfield code="0">0</subfield>
    <subfield code="1">0</subfield>
    <subfield code="4">0</subfield>
    <subfield code="7">0</subfield>
    <subfield code="a">BCEJYS</subfield>
    <subfield code="b">BCEJYS</subfield>
    <subfield code="c">17</subfield>
    <subfield code="d">1980-06-01</subfield>
    <subfield code="h">A&#xF1;o 2, N&#xBA; 13 - jun. 1980</subfield>
    <subfield code="l">0</subfield>
    <subfield code="o">H330 NOV 13</subfield>
    <subfield code="p">R06643</subfield>
    <subfield code="r">2026-04-10 16:07:25</subfield>
    <subfield code="w">2026-04-10</subfield>
    <subfield code="y">RN</subfield>
  </datafield>
  <datafield tag="952" ind1=" " ind2=" ">
    <subfield code="0">0</subfield>
    <subfield code="1">0</subfield>
    <subfield code="4">0</subfield>
    <subfield code="7">0</subfield>
    <subfield code="a">BCEJYS</subfield>
    <subfield code="b">BCEJYS</subfield>
    <subfield code="c">17</subfield>
    <subfield code="d">1980-04-01</subfield>
    <subfield code="h">A&#xF1;o 1, N&#xBA; 11 - abr. 1980</subfield>
    <subfield code="l">0</subfield>
    <subfield code="o">H330 NOV 11</subfield>
    <subfield code="p">R06642</subfield>
    <subfield code="r">2026-04-10 16:07:25</subfield>
    <subfield code="w">2026-04-10</subfield>
    <subfield code="y">RN</subfield>
  </datafield>
  <datafield tag="952" ind1=" " ind2=" ">
    <subfield code="0">0</subfield>
    <subfield code="1">0</subfield>
    <subfield code="4">0</subfield>
    <subfield code="7">0</subfield>
    <subfield code="a">BCEJYS</subfield>
    <subfield code="b">BCEJYS</subfield>
    <subfield code="c">17</subfield>
    <subfield code="d">1980-01-01</subfield>
    <subfield code="h">A&#xF1;o 1, N&#xBA; 9 - ene./feb. 1980</subfield>
    <subfield code="l">0</subfield>
    <subfield code="o">H330 NOV 9</subfield>
    <subfield code="p">R06641</subfield>
    <subfield code="r">2026-04-10 16:07:25</subfield>
    <subfield code="w">2026-04-10</subfield>
    <subfield code="y">RN</subfield>
  </datafield>
  <datafield tag="952" ind1=" " ind2=" ">
    <subfield code="0">0</subfield>
    <subfield code="1">0</subfield>
    <subfield code="4">0</subfield>
    <subfield code="7">0</subfield>
    <subfield code="a">BCEJYS</subfield>
    <subfield code="b">BCEJYS</subfield>
    <subfield code="c">17</subfield>
    <subfield code="d">1979-10-01</subfield>
    <subfield code="h">A&#xF1;o 1, N&#xBA; 6 - oct. 1979</subfield>
    <subfield code="l">0</subfield>
    <subfield code="o">H330 NOV 6</subfield>
    <subfield code="p">R06640</subfield>
    <subfield code="r">2026-04-10 16:07:25</subfield>
    <subfield code="w">2026-04-10</subfield>
    <subfield code="y">RN</subfield>
  </datafield>
  <datafield tag="952" ind1=" " ind2=" ">
    <subfield code="0">0</subfield>
    <subfield code="1">0</subfield>
    <subfield code="4">0</subfield>
    <subfield code="7">0</subfield>
    <subfield code="a">BCEJYS</subfield>
    <subfield code="b">BCEJYS</subfield>
    <subfield code="c">17</subfield>
    <subfield code="d">1979-09-01</subfield>
    <subfield code="h">A&#xF1;o 1, N&#xBA; 5 - set. 1979</subfield>
    <subfield code="l">0</subfield>
    <subfield code="o">H330 NOV 5</subfield>
    <subfield code="p">R06639</subfield>
    <subfield code="r">2026-04-10 16:07:25</subfield>
    <subfield code="w">2026-04-10</subfield>
    <subfield code="y">RN</subfield>
  </datafield>
  <datafield tag="952" ind1=" " ind2=" ">
    <subfield code="0">0</subfield>
    <subfield code="1">0</subfield>
    <subfield code="4">0</subfield>
    <subfield code="7">0</subfield>
    <subfield code="a">BCEJYS</subfield>
    <subfield code="b">BCEJYS</subfield>
    <subfield code="c">17</subfield>
    <subfield code="d">1979-08-01</subfield>
    <subfield code="h">A&#xF1;o 1, N&#xBA; 4 - ago. 1979</subfield>
    <subfield code="l">0</subfield>
    <subfield code="o">H330 NOV 4</subfield>
    <subfield code="p">R06638</subfield>
    <subfield code="r">2026-04-10 16:07:25</subfield>
    <subfield code="w">2026-04-10</subfield>
    <subfield code="y">RN</subfield>
  </datafield>
  <datafield tag="952" ind1=" " ind2=" ">
    <subfield code="0">0</subfield>
    <subfield code="1">0</subfield>
    <subfield code="4">0</subfield>
    <subfield code="7">0</subfield>
    <subfield code="a">BCEJYS</subfield>
    <subfield code="b">BCEJYS</subfield>
    <subfield code="c">17</subfield>
    <subfield code="d">1979-06-01</subfield>
    <subfield code="h">A&#xF1;o 1, N&#xBA; 2 - jun. 1979</subfield>
    <subfield code="l">0</subfield>
    <subfield code="o">H330 NOV 2</subfield>
    <subfield code="p">R11323</subfield>
    <subfield code="r">2026-04-10 16:07:25</subfield>
    <subfield code="w">2026-04-10</subfield>
    <subfield code="y">RN</subfield>
  </datafield>
  <datafield tag="952" ind1=" " ind2=" ">
    <subfield code="0">0</subfield>
    <subfield code="1">0</subfield>
    <subfield code="4">0</subfield>
    <subfield code="7">0</subfield>
    <subfield code="a">BCEJYS</subfield>
    <subfield code="b">BCEJYS</subfield>
    <subfield code="c">17</subfield>
    <subfield code="d">1979-05-01</subfield>
    <subfield code="h">A&#xF1;o 1, N&#xBA; 1 - mayo 1979</subfield>
    <subfield code="l">0</subfield>
    <subfield code="o">H330 NOV 1</subfield>
    <subfield code="p">R11322</subfield>
    <subfield code="r">2026-04-10 16:07:25</subfield>
    <subfield code="w">2026-04-10</subfield>
    <subfield code="y">RN</subfield>
  </datafield>
</record>
